{"text_format":"1","workbook":"xlsx","n_sheets":8,"sheets":["Recap","Photovoltaique","Mezzanine","Supports","Ligne","colonnes","EP","Frejus"],"not_rendered":{"charts":0,"images":0,"macros":1,"external_links":0,"defined_names":4,"comments":0,"pivot_tables":0},"unopened":[],"bounds":{"document_bytes":16777216,"sheet_cells":100000,"rows_first":2000,"rows_last":500,"rows_between":2000,"halvings":0,"cell_chars":16384,"cell_head_chars":4096},"cells_cut":0,"cells_raw":0,"read":"whole","date_system":"1900"}

{"sheet":"Recap","index":0,"n_rows":13,"n_cols":3,"rows_kept":13,"cut":false,"hidden":false,"merged":[[0,0,2,5],[5,1,5,5],[6,7,6,8],[8,7,8,8],[9,7,9,8],[10,7,10,8],[12,2,12,5],[11,7,11,8],[8,2,8,5],[6,2,6,5],[7,2,7,5],[9,2,9,5],[10,2,10,5],[11,2,11,5]]}
["SARE / St Auban\nRECAPITULATIF"]
[]
[]
[null,"Stock :","2018-01-03"]
[]
[]
["Supports","Cat 2",{"$f":"Supports!A7","v":4890.68}]
["Ligne","Cat 2",{"$f":"Ligne!A7","v":146292.68000000005}]
["Photovoltaique","Cat 3",{"$f":"Photovoltaique!A7","v":142046.04519999988}]
["EP","Cat 4",{"$f":"EP!B7","v":26220.400000000001}]
["Colonnes","Cat 6"]
["Frejus","Cat 2",{"$f":"Frejus!A7","v":9300.8499999999985}]
["TOTAL",null,{"$f":"SUM(C7:F12)","v":328750.65519999992}]

{"sheet":"Photovoltaique","index":1,"n_rows":566,"n_cols":22,"rows_kept":566,"cut":false,"hidden":false,"merged":[[562,0,562,8],[5,0,5,4],[7,8,7,10],[39,0,39,1],[72,0,72,1],[38,0,38,9],[11,0,11,9],[12,0,12,1],[27,0,27,1],[32,0,32,1],[286,0,286,7],[334,0,334,7],[558,0,558,1],[500,0,500,1],[476,0,476,1],[553,0,553,8],[0,1,1,5],[6,6,6,7],[261,0,261,1],[218,0,218,7],[7,6,7,7],[76,0,76,1],[83,0,83,1],[134,0,134,1],[93,0,93,1],[112,0,112,1],[236,0,236,1],[140,2,140,10],[143,2,143,10],[146,2,146,10],[151,2,151,10],[154,2,154,10],[406,0,406,7],[416,0,416,7],[426,0,426,7],[514,0,514,1],[469,2,469,10],[472,2,472,10],[486,2,486,10],[407,0,407,1],[410,0,410,1],[427,0,427,1],[451,0,451,1],[479,0,479,1],[436,2,436,10],[457,2,457,10],[463,2,463,10],[554,0,554,1],[357,0,357,1],[118,0,118,1],[364,0,364,1],[193,0,193,1],[363,0,363,7],[335,0,335,1],[292,0,292,1],[306,0,306,1],[320,0,320,1],[158,0,158,1],[287,0,287,1],[314,0,314,1],[206,0,206,1],[241,0,241,1],[219,0,219,1],[228,2,228,10],[252,2,252,10],[200,2,200,10],[202,2,202,10],[6,0,6,4],[10,0,10,10],[133,0,133,10]]}
[null,"SARE / St Auban\nLocal Photovoltaique"]
[]
[]
["Date :","2018-01-03"]
[]
["Total"]
[{"$f":"SUMIF(I13:I569,3,H13:H569)","v":142046.04519999988}]
[]
[]
["Ref Magasin","Articles","Unité","Entrée","Sorti","Q","PU","TOTAL HT","Cat.","Seuil critique","Référence fournisseur",null,null,null,null,null,null,null,"ARTICLES","Q",null,"Comparatif Q"]
["Câbles"]
["Fils Cuivre"]
["HO7VK"]
["CABVKR","H07 VK 1x2,5 Rouge","ml",80,null,{"$f":"D14-E14","v":80},0.37,{"$f":"G14*F14","v":29.6},3]
["CABVKM","H07 VK 1x2,5 Marron","ml",10,null,{"$f":"D15-E15","v":10},0.37,{"$f":"G15*F15","v":3.7},3]
["CABVKN","H07 VK 1x2,5 Noir","ml",50,null,50,0.37,18.5,3]
["CABVKB","H07 VK 1x2,5 Bleu","ml",40,null,40,0.37,14.8,3]
["CABVKB","H07 VK 1x4 Bleu","ml",null,null,0,null,0,3]
["CABVKN","H07 VK 1x4 Noir","ml",null,null,0,null,0,3]
["CABVKB","H07 VK 1x6 Bleu","ml",400,null,400,0.87,348,3]
["CABVKN","H07 VK 1x6 Noir","ml",100,null,100,0.87,87,3]
["CABVKM","H07 VK 1x6 Marron","ml",80,null,80,0.87,69.599999999999994,3]
["CABVKJ","H07 VK 1x6 V/J","ml",null,null,0,0.87,0,3]
["CABVKN","H07 VK 1x10 Noir","ml",null,null,0,null,0,3]
["CABVKB","H07 VK 1x10 Bleu","ml",null,null,0,null,0,3]
["CABVKR","H07 VK 1x10 Rouge","ml",null,null,0,null,0,3]
["CABVKN","H07 VK 1x16 Noir","ml",30,null,30,null,0,3]
["VR"]
["CABVKR","H07 VR 1x6 Rouge","ml",0,null,0,null,0,3]
["CABVKB","H07 VR 1x6 Bleu","ml",null,null,0,null,0,3]
["CABVKB","H07 VR 1x10 Bleu","ml",20,null,20,0.86499999999999999,17.3,3]
["CABVKR","H07 VR 1x10 Rouge","ml",2500,null,2500,0.86499999999999999,2162.5,3]
["HO7RNF"]
["CABCu","H07 Cu 1x95","ml",null,null,0,null,0,3]
["CABCu","H07 Cu 1x95","ml",60,null,60,null,0,3]
["CABCu","H07 Cu 1x185","ml",15,null,15,17.5,262.5,3]
["CABCu","H07 Cu 1x300","ml",null,null,0,32,0,3]
[]
["Câbles Cuivre"]
["RO2V"]
["CABCUV","RO2V 1x95","ml",65,null,{"$f":"D41-E41","v":65},null,{"$f":"G41*F41","v":0},3]
["CABCUV","RO2V 1x120","ml",20,null,20,null,0,3]
["CABCUV","RO2V 1x240","ml",27,null,27,null,0,3]
["CABCUV","RO2V 2x1,5","ml",null,null,0,0.32,0,3]
["CABCUV","RO2V 3G1,5","ml",0,null,0,0.37,{"$f":"G45*F45","v":0},8]
["CABCUV","RO2V 5G1,5","ml",200,null,200,0.6,120,3]
["CABCUV","RO2V 7G1,5","ml",500,null,{"$f":"D47-E47","v":500},1.0369999999999999,518.5,3,null,1340]
["CABCUV","RO2V 12G1,5","ml",800,null,800,1.679,1343.2,3,null,1340]
["CABCUV","RO2V 3G2,5","ml",100,null,100,0.57999999999999996,57.999999999999993,3]
["CABCUV","RO2V 2x4","ml",null,0,0,0,0,3]
["CABCUV","RO2V 3G4","ml",100,null,100,1.04,104,3]
["CABCUV","RO2V 5G4","ml",50,null,50,0.59,29.5,3]
["CABCUV","RO2V 3G6","ml",100,null,100,1.5,150,3]
["CABCUV","RO2V 5G6","ml",0,null,0,2.4,0,3]
["CABCUV","RO2V 2x10","ml",500,null,500,1.7,850,3]
["CABCUV","RO2V 3G10","ml",null,null,0,2.5,0,3]
["CABCUV","RO2V 4x10","ml",50,null,50,3.157,157.85,3]
["CABCUV","RO2V 4G10","ml",null,null,0,11.7,0,3]
["CABCUV","RO2V 5G10","ml",0,null,0,3.64,0,3]
["CABCUV","RO2V 2x16","ml",83,null,83,2.6,215.8,3]
["CABCUV","RO2V 3G16","ml",null,null,0,10.63,0,3]
["CABCUV","RO2V 4x16","ml",50,null,50,4.7,235,3]
["CABCUV","RO2V 4G16","ml",null,null,0,11.7,0,3]
["CABCUV","RO2V 5G16","ml",24,null,24,5.8,139.19999999999999,3]
["CABCUV","RO2V 2x25","ml",50,null,50,6.86,343,3]
["CABCUV","RO2V 4x25","ml",0,null,0,7.4,0,3]
["CABCUV","RO2V 5G25","ml",23,null,23,9.4,216.20000000000002,3,20]
["CABCUV","RO2V1X35","ml",120,null,120,0.98,117.6,3]
["CABCUV","RO2V 4x35","ml",0,null,0,7.4,0,3]
["CABCUV","RO2V 5G35","ml",null,null,0,13.8,0,3,20]
["CABCUV","RO2V 4x70","ml",null,null,0,null,0,3]
[]
["RVFV"]
["CABCUV","RVFV 5G4","ml",80,null,{"$f":"D74-E74","v":80},2.85,{"$f":"G74*F74","v":228},3]
["CABCUV","RVFV 5G6","ml",null,null,0,3.8,0,3]
[]
["Terre"]
[null,"Cablette nue"]
["CABTER","Cablette de terre 6² Cu","ml",null,null,{"$f":"D79-E79","v":0},0.98,{"$f":"F79*G79","v":0},3]
["CABTER","Cablette de terre 16² Cu","ml",2200,null,{"$f":"D80-E80","v":2200},1.3879999999999999,{"$f":"F80*G80","v":3053.6},3,400]
[null,"RO2V isolé"]
["CAVEJA","RO2V 6mm² vert jaune","ml",1200,null,{"$f":"D82-E82","v":1200},0.42,{"$f":"F82*G82","v":504},3,1000]
[]
["Photovoltaique"]
[null,"Anti feu"]
["CABCUV","CR1-C1 3G1,5","ml",130,null,{"$f":"D86-E86","v":130},0.7,{"$f":"F86*G86","v":91},3]
["CABCUV","CR1-C1 4G1,5","ml",60,null,60,0.88,52.8,3]
[null,"Câble DC"]
["CABTWI","Solarplast Twin 2x6mm","ml",17450,null,17450,1.3,22685,3,5000]
["CABPHO","Cable photovoltaique 1x6mm","ml",41500,null,41500,0.54,22410,3,5000]
["CABMON","Catégorie7 4P monitoring Anti UV","ml",2000,null,2000,0.98,1960,3,1000]
["CABTWI","Twin 2x10","ml",14000,null,14000,0,0,3]
[]
["ALU"]
["CABALU","U1000 ARO2V 1x50","ml",83,null,{"$f":"D95-E95","v":83},0.65,{"$f":"F95*G95","v":53.95},3]
["CABALU","U1000 ARO2V 1x70","ml",150,null,150,0.88100000000000001,132.15,3]
["CABALU","U1000 ARO2V 1x95","ml",30,null,30,1.1000000000000001,33,3]
["CABALU","U1000 ARO2V 1x 120","ml",null,null,0,1.52,0,3]
["CABALU","U1000 ARO2V 1x150","ml",793,null,793,1.8,1427.4,3]
["CABALU","U1000 ARO2V 1x185","ml",null,null,0,1.95,0,3]
["CABALU","U1000 ARO2V 1x240","ml",null,null,0,2.73,0,3]
["CABALU","U1000 ARO2V 1x300","ml",null,null,0,3.7,0,3]
["CABALU","U1000 ARO2V 4x35","ml",null,null,0,2.57,0,3]
["CABALU","U1000 ARO2V 4x50","ml",null,null,0,4.58,0,3]
["CABALU","U1000 ARO2V 4x70","ml",10,null,10,4.3600000000000003,43.6,3]
["CABALU","U1000 ARO2V 4x95","ml",null,null,0,5.91,0,3]
["CABALU","U1000 ARO2V 3x150+70","ml",67,null,67,8.85,592.94999999999993,3]
["CABALU","U1000 ARO2V 4x150","ml",null,null,0,8.85,0,3]
["CABALU","U1000 ARO2V 4x185","ml",null,null,0,11,0,3]
["CABALU","U1000 ARO2V 3x240+95","ml",170,null,170,13.99,2378.3000000000002,3]
["CABALU","U1000 ARO2V 4x240","ml",null,null,0,13.99,0,3]
[]
["Torsadé"]
["CABTWI","Twistal 4x95 Alu","ml",null,null,{"$f":"D114-E114","v":0},7.1,{"$f":"F114*G114","v":0},3]
["CABTOR","ARO2V torsadé 4x95","ml",null,null,0,4.82,0,3]
["CABTOR","ARO2V torsadé 4x185","ml",null,null,0,9.1999999999999993,0,3]
["CABTOR","ARO2V torsadé 4x240","ml",null,null,0,11.66,0,3]
[]
["Fixations"]
["SNACLI","SNAP CLIP 22/32","U",80,null,{"$f":"D120-E120","v":80},0.2,{"$f":"F120*G120","v":16},3]
["SNACLI","SNAP 15/18","U",4500,null,4500,0.2,900,3]
["SNACLI","SNAP 10/14","U",200,null,200,0.2,40,3]
["SNACLI","SNAP 19/24","U",50,null,50,0.2,10,3]
["SNACLI","SNAP 12/14","U",20,null,20,0.2,4,3]
["CLISOL","Clips Solar","U",400,null,400,0.2,80,3]
["COLRIS","Colliers Rislans 2,5x100 anti UV","U",62000,null,{"$f":"D126-E126","v":62000},2.8E-3,{"$f":"F126*G126","v":173.6},3,2000]
["COLRIS","Colliers Rislans 3,6x200 anti UV","U",92000,null,92000,{"$f":"0.0105","v":1.0500000000000001E-2},966.00000000000011,3,2000]
["COLRIS","Colliers Rislans 7,6x300 anti UV","U",16000,null,16000,4.2000000000000003E-2,672,3,2000]
["EMRIVI","Embases colliers Rilsan à visser","U",null,null,null,null,0,3]
["EMRIFR","Embases colliers Rilsan à frapper","U",null,null,null,null,0,3]
["EMRISP","Embases colliers Rilsan cloueur spit","U",null,null,null,null,0,3]
[]
[]
["Connectiques"]
["Photovoltaiques"]
[null,"MC4"]
["CONMAL","Connectiques MC4 Males à encastrer","U",200,null,{"$f":"D137-E137","v":200},0.89,{"$f":"F137*G137","v":178},3,100]
["CONFEM","Connectiques MC4 Femelles à encastrer","U",300,null,300,1.18,354,3,100]
["CONMAL","Connectiques MC4 Males","U",1900,null,1900,0.89,1691,3,200]
["CONFEM","Connectiques MC4 Femelles","U",1900,null,1900,1.18,2242,3,200]
[null,"EVO"]
["CONMAL","Connectiques H4 Males EVO","U",380,null,380,1.02,387.6,3,200]
["CONFEM","Connectiques H4 Femelles EVO","U",440,null,440,1.36,598.40000000000009,3,200]
[null,"Huber Sunher"]
["CONMAL","Huber Sunher Males","U",1250,null,1250,1.35,1687.5,3,200]
["CONFEM","Huber Sunher Femelles","U",1250,null,1250,1.25,1562.5,3,200]
[null,"Yukita"]
["CONMAL","Yukita Males","U",1100,null,1100,0.92,1012,3,200]
["CONFEM","Yukita Femelles","U",1050,null,1050,0.92,966,3,200]
["CONMAL","Rallonges Yukita Males / MC4","U",1190,null,{"$f":"D150-E150","v":1190},1.5,{"$f":"F150*G150","v":1785},3]
["CONFEM","Rallonges Yukita Femelles / MC4","U",1150,null,1150,1.5,1725,3]
[null,"Tyco"]
["CONMAL","Tyco PV4 Males","U",1900,null,1900,1.02,1938,3,200]
["CONFEM","Tyco PV4 Femelles","U",1600,null,1600,1.02,1632,3,200]
[null,"Amphenol"]
["CONFEM","AMPHENOL FEMELLE 4/6MM","U",1100,null,1100,null,null,3]
["CONMAL","AMPHENOL MALE 4/6MM","U",1100,null,1100,null,null,3]
[]
["Cosses"]
[null,"Cuivre à sertissage"]
["COSCUI","COSSE XCT 6/6","U",205,null,{"$f":"D161-E161","v":205},0.19209999999999999,{"$f":"F161*G161","v":39.380499999999998},3,100]
["COSCUI","COSSE XCT 6/8","U",857,null,857,0.19209999999999999,164.62969999999999,3,100]
["COSCUI","COSSE XCT 10/6","U",4,null,4,0.13,0.52,3,8]
["COSCUI","COSSE XCT 10/8","U",165,null,165,0.13,21.45,3,8]
["COSCUI","COSSE XCT 16/8","U",790,null,790,0.23,181.70000000000002,3,8]
["COSCUI","COSSE XCT 16/10","U",232,null,232,0.23,53.36,3,100]
["COSCUI","COSSE XCT 25/6","U",209,null,209,0.34,71.06,3,8]
["COSCUI","COSSE XCT 25/8","U",331,null,331,0.34,112.54,3,8]
["COSCUI","COSSE XCT 25/10","U",303,null,303,0.34,103.02000000000001,3,8]
["COSCUI","COSSE XCT 35/6","U",48,null,48,null,0,3]
["COSCUI","COSSE XCT 35/8","U",18,null,18,0.16,2.88,3,8]
["COSCUI","COSSE XCT 35/10","U",60,null,60,0.16,9.6,3,8]
["COSCUI","COSSE XCT 50/12","U",58,null,58,0.16,9.2799999999999994,3,8]
["COSCUI","COSSE XCT 70/8","U",66,null,66,0.16,10.56,3,8]
["COSCUI","COSSE XCT 70/10","U",38,null,38,0.16,6.08,3,8]
["COSCUI","COSSE XCT 70/12","U",67,null,67,0.16,10.72,3,8]
["COSCUI","COSSE XCT 95/10","U",30,null,30,1.4650000000000001,43.95,3,8]
["COSCUI","COSSE XCT 95/12","U",31,null,31,1.4650000000000001,45.414999999999999,3,8]
["COSCUI","COSSE XCT 95/14","U",46,null,46,1.4650000000000001,67.39,3,8]
["COSCUI","COSSE XCT 150/10","U",4,null,4,null,0,3]
["COSCUI","COSSE XCT 150/12","U",88,null,88,0.04,3.52,3,8]
["COSCUI","COSSE XCT 150/14","U",2,null,2,null,0,3]
["COSCUI","COSSE XCT 185/12","U",11,null,11,1.4650000000000001,16.115000000000002,3,8]
["COSCUI","COSSE XCT 240/10","U",7,null,7,null,0,3]
["COSCUI","COSSE XCT 240/12","U",59,null,59,1.4650000000000001,86.435000000000002,3,8]
["COSCUI","COSSE XCT 240/14","U",4,null,4,null,null,3]
[null,"Cuivre-alu mécanique"]
["CUALAC","Cosses Sm 25 - 70 VC XI 11","U",47,null,{"$f":"D188-E188","v":47},null,{"$f":"F188*G188","v":0},3,12]
["CUALAC","Cosses Sm 50 - 120 VC XI 14","U",32,null,32,17.850000000000001,571.20000000000005,3,12]
["CUALAC","Cosses Sm 95 - 185 VC XI 18","U",18,null,18,21.3,383.40000000000003,3,12]
["CUALAC","Cosses Sm 150 - 300 VC XI 22","U",23,null,23,null,0,3,12]
["CUALAC","Cosses Sm 240 - 500 VCXI 29","U",62,null,62,null,{"$f":"F192*G192","v":0},3,12]
[]
["Manchons"]
[null,"Cuivre à sertissage"]
["MANCUI","Manchons de jonctions 6²","U",206,null,{"$f":"D196-E196","v":206},0.2,{"$f":"F196*G196","v":41.2},3,12]
["MANCUI","Manchons de jonctions 10²","U",412,null,{"$f":"D197-E197","v":412},0.28999999999999998,{"$f":"F197*G197","v":119.47999999999999},3,12]
["MANCUI","Manchons de jonctions 16²","U",1114,null,{"$f":"D198-E198","v":1114},0.36,{"$f":"F198*G198","v":401.03999999999996},3,12]
["MANCUI","Manchons de jonctions 25²","U",358,null,{"$f":"D199-E199","v":358},0.39,{"$f":"F199*G199","v":139.62},3,12]
["MANCUI","Manchons de jonctions 35²","U",55,null,{"$f":"D200-E200","v":55},0.43,{"$f":"F200*G200","v":23.65},3,12]
[null,"Alu mécanique"]
["CUALAC","Manchon Sm 35-95","U",35,null,{"$f":"D202-E202","v":35},null,{"$f":"F202*G202","v":0},3,12]
[null,"Alu Réductions"]
["CUALAC","Manchon 50/150","U",26,null,{"$f":"D204-E204","v":26},null,{"$f":"F204*G204","v":0},3,12]
["CUALAC","Manchon 120 - 240 ","U",29,null,29,null,0,3,12]
[]
["Mise à la terre"]
["MISTER","Fclip 16-35 (Nouveau DA 30)","U",1630,null,{"$f":"D208-E208","v":1630},1.05,{"$f":"F208*G208","v":1711.5},3]
["MISTER","DA 30","U",412,null,412,1.37,564.44000000000005,3,200]
["MISTER","DA 50","U",11,null,11,3.4279999999999999,37.707999999999998,3]
["MISTER","DA 100","U",23,null,23,5.4279999999999999,124.84399999999999,3]
["MISTER","SFP6AF8          ","U",1800,null,1800,1.79,3222,3,null,7341921]
["MISTER","SF66","U",635,null,635,1.44,914.4,3,null,7341001]
["MISTER","SF126","U",850,null,850,1.8,1530,3,null,7341111]
["MISTER","Mécatraction SFP6PI55","U",300,null,300,null,0,3]
["BACOTE","Barette coupure de terre","U",31,null,31,3.91,121.21000000000001,3]
["RETE5D","Repartiteur de terre 5 dérivations","U",284,null,284,2,568,3,20]
[]
["Chemin de câbles"]
["Dalles marine GC"]
[null,"Dalles"]
["DALMGC","Dalle marine 50x30","ML",null,null,{"$f":"D222-E222","v":0},null,{"$f":"F222*G222","v":0},3]
["DALMGC","Dalle marine 100x30","ML",null,null,0,3.18,0,3]
["DALMGC","Dalle marine 200x50","ML",12,null,12,null,0,3]
["DALMGC","Dalle marine 300x50","ML",6,null,6,null,0,3]
["DALMGC","Dalle marine 400x50","ML",27,null,27,null,0,3]
["DALMGC","Dalle marine 500x50","ML",null,null,0,20.72,0,3]
["DALMGC","Dalle marine 300x100","ML",27,null,27,null,0,3]
[null,"Capot",null,null,null,0,null,0,3]
["CAPMGC","Capot 50","ML",6,null,6,null,0,3]
["CAPMGC","Capot 100","ML",36,null,36,3.6,129.6,3]
["CAPMGC","Capot 200","ML",213,null,213,null,0,3]
["CAPMGC","Capot 300","ML",24,null,24,null,0,3]
["CAPMGC","Capot 400","ML",null,null,0,null,0,3]
["CAPMGC","Capot 500","ML",null,null,0,null,0,3]
[]
["Dalles marine electrozinguée"]
[null,"Capot"]
["CAPMGV","Capot 200","ML",36,null,{"$f":"D239-E239","v":36},null,{"$f":"F239*G239","v":0}]
[]
[]
["Cablofil GC"]
[null,"Cablofil"]
["CABGAC","CF 50/30 GC","ML",660,null,{"$f":"D244-E244","v":660},2.29,{"$f":"F244*G244","v":1511.4},3]
["CABGAC","CF 100/30 GC","ML",null,null,0,2.89,0,3]
["CABGAC","CF 150/30 GC","ML",9,null,9,4.22,37.979999999999997,3]
["CABGAC","CF 200/30 GC","ML",null,null,0,5.19,0,3]
["CABGAC","CF 300/30 GC","ML",null,null,0,4.7300000000000004,0,3]
["CABGAC","CF 50/54 GC","ML",27,null,27,2.79,75.33,3]
["CABGAC","CF 100/54 GC","ML",3,null,3,3.4,10.199999999999999,3,10]
["CABGAC","CF 150/54 GC","ML",9,null,9,4.22,37.979999999999997,3,10]
["CABGAC","CF 300/54 GC","ML",9,null,9,6.97,62.73,3]
[null,"Capot"]
["CAPGAC","CP 50 GC","ML",696,null,696,2.97,2067.1200000000003,3,null,"CM646013"]
["CAPGAC","CP 100 GC","ML",328,null,328,3.97,1302.1600000000001,3,15]
["CAPGAC","CP 150 GC","ML",24,null,24,4.72,113.28,3,15]
["CAPGAC","CP 200 GC","ML",34,null,34,5.96,{"$f":"F257*G257","v":202.64},3,15]
["CAPGAC","CP 300 GC","ML",36,null,36,8.7100000000000009,313.56000000000006,3]
["CAPGAC","CP 400 GC","ML",16,null,16,13.88,222.08,3]
["CAPGAC","CP 500 GC","ML",0,null,0,13.87,{"$f":"F260*G260","v":0},3]
[]
["Cablofil Zingué"]
[null,"Cablofil"]
["CABGAV","CF 50/30","ML",null,null,{"$f":"D264-E264","v":0},null,{"$f":"F264*G264","v":0},3]
["CABGAV","CF 150/30","ML",12,null,12,2.35,28.200000000000003,3]
["CABGAV","CF 200/30","ML",6,null,6,2.79,16.740000000000002,3]
["CABGAV","CF 400/30","ML",3,null,3,5.91,17.73,3]
["CABGAV","CF 600/30","ML",15,null,15,7.88,118.2,3]
["CABGAV","CF 50/54","ML",9,null,9,2.02,18.18,3]
["CABGAV","CF 100/54","ML",3,null,3,2.3199999999999998,6.9599999999999991,3]
["CABGAV","CF 150/54","ML",36,null,36,2.83,101.88,3]
["CABGAV","CF 200/54","ML",15,null,15,3.4,51,3]
["CABGAV","CF 300/54","ML",9,null,9,4.5999999999999996,41.4,3]
["CABGAV","CF 400/54","ML",18,null,18,6.24,112.32000000000001,3]
["CABGAV","CF 500/54","ML",9,null,9,8.91,80.19,3]
[null,"Capot"]
["CABGAV","CP 50","ML",null,null,0,null,0,3]
["CABGAV","CP 100","ML",96,null,96,2.34,224.64,3]
["CABGAV","CP 150","ML",null,null,0,null,0,3]
["CABGAV","CP 200","ML",114,null,114,3.42,389.88,3]
["CABGAV","CP 300","ML",null,null,0,null,0,3]
["CABGAV","CP 400","ML",72,null,72,6.52,469.43999999999994,3]
["CABGAV","CP 500","ML",null,null,0,null,0,3]
["CABGAV","CP 600","ML",null,null,0,null,0,3]
[]
[]
["Fixations et accessoires de chemin de câbles"]
["Eclisses"]
["ECGACH","EDS GC","U",683,null,{"$f":"D289-E289","v":683},1.31,{"$f":"F289*G289","v":894.73},3,400]
["FASPET","Faslock Petit","U",1200,null,1200,0.41,491.99999999999994,3]
["FASGRA","Faslock Grand","U",1239,null,1239,0.41,507.98999999999995,3]
[]
["Consoles"]
[null,"GC"]
["CONGAL","CSNC 400 GC","U",170,null,{"$f":"D295-E295","v":170},8.4600000000000009,{"$f":"F295*G295","v":1438.2},3]
["CONGAL","CSN 450","U",424,null,424,4.21,1785.04,3]
[null,"GS"]
["CONGAL","CSNC 100 GS","U",41,null,41,3.86,158.26,3,10]
["CONGAL","CSNC 200 GS","U",143,null,516,4.3899999999999997,2265.2399999999998,3,10]
["CONGAL","CSNC 300 GS","U",89,null,89,6.03,536.67000000000007,3,10]
["CONGAL","CSNC 400","U",244,null,244,5.84,1424.96,3]
["CONGAL","CSN 150","U",50,null,50,1.46,73,3,10]
["CONGAL","CSN 200","U",385,null,385,1.85,712.25,3,10]
["CONGAL","CSN 300","U",370,null,370,2.65,980.5,3,10]
["CONGAL","CSN 400","U",162,null,162,3.96,641.52,3]
[]
["Rails"]
["PILUTE","PF 41 Pied locaux techniques","U",8,null,{"$f":"D308-E308","v":8},7.2,{"$f":"F308*G308","v":57.6},3,null,"CM595363"]
["RAIGAL","Rail 41/21LY","ML",75,null,75,3.98,298.5,3,5]
["RAIGAL","Rail 41/41LY","ML",24,null,24,6.13,147.12,3,5]
["CORGAL","Corniere en Z 20,50,20","ML",63,null,63,2.25,141.75,3]
["RAIGAL","RCSN 3ml","ML",48,null,48,15,720,3,4]
["CONGAL","RCSN Lg 200","U",143,null,143,1.35,193.05,3]
[]
["Supports"]
["4H58ST","4H58ST3","U",1863,null,{"$f":"D316-E316","v":1863},null,{"$f":"F316*G316","v":0},3,null,171530]
["ACRTGF","ASGS Support tige filetée","U",117,null,117,null,0,3]
["REPBB\"","CM200","U",250,null,{"$f":"D318-E318","v":250},null,{"$f":"F318*G318","v":0},3]
["EA2TGC","EA2TGC","U",600,null,600,null,0,3]
[]
["Visserie et accessoires"]
["EMB","Embase R55 GS","U",700,null,{"$f":"D322-E322","v":700},1.46,{"$f":"F322*G322","v":1022},3]
["ECRALO","Ecrou carré M8 pour Locaux","U",1470,null,1470,0.21,308.7,3,100,315010]
["PETEQU","EQ2T GC","U",1460,null,1460,null,0,3]
["PEROCA","CE 25","U",8842,null,8842,0.12,1061.04,3,null,"CM558087"]
["ROCAMO","CE 30","U",5325,null,5325,0.15,798.75,3]
["ROCAGR","CE 40","U",764,null,764,0.28000000000000003,213.92000000000002,3]
["UC ","UC 35","U",400,null,{"$f":"D328-E328","v":400},1.3,{"$f":"F328*G328","v":520},3,null,"CM586163"]
["UC ","UC 50 GC","U",712,null,712,1.41,1003.92,3,null,"CM586043"]
["PLOBET","Plots Beton","U",1392,null,{"$f":"D330-E330","v":1392},1.97,{"$f":"F330*G330","v":2742.24},3]
["JOICAR","Joint carrossier (Sachet)","U",7,null,7,16.239999999999998,113.67999999999999,3,4]
["TKNM10","TKNM10-1","U",178,null,178,0.2,35.6,3]
["TKNM8-1","TKNM8-1","U",55,null,55,null,0,3]
[]
["TUBE IRO ET GAINES"]
["Tube IRO"]
["TUBGRI","tube iro  16","ML",375,null,{"$f":"D337-E337","v":375},{"$f":"0.37/3","v":0.12333333333333334},{"$f":"F337*G337","v":46.25},3]
["TUBGRI","tube iro 25","ML",3,null,3,{"$f":"0.52/3","v":0.17333333333333334},0.52,3]
["TUBGRI","tube iro 32","ML",12,null,12,{"$f":"0.89/3","v":0.29666666666666669},3.5600000000000005,3]
["TUBGRI","tube iro 40 (unité)","ML",72,null,72,{"$f":"1.79/3","v":0.59666666666666668},42.96,3]
[null,"Coudes"]
["COTUGR","Coudes tube iro 20 (unité)","U",7,null,7,null,0,3]
[null,"Tés"]
["TETUGR","\"T\" tube iro 16 (unité)","U",53,null,{"$f":"D344-E344","v":53},null,{"$f":"F344*G344","v":0},3]
["TETUGR","\"T\" tube iro 20 (unité)","U",6,null,6,null,0,3]
["TETUGR","\"T\" tube iro 25 (unité)","U",100,null,100,null,0,3]
[null,"Manchons"]
["MANTUB","Manchons tube iro en 16 (Unité)","U",57,null,57,null,0,3]
["MANTUB","Manchons tube iro en 20 (Unité)","U",90,null,90,null,0,3]
["MANTUB","Manchons tube iro en 25 (Unité)","U",58,null,58,null,0,3]
["MANTUB","Manchons tube iro en 32 (Unité)","U",20,null,20,null,0,3]
["MANTUB","Manchons tube iro en 40 (Unité)","U",50,null,50,null,0,3]
[null,"Fixations"]
["EMBTUB","Embases tube iro à colliers (Unité)","U",28,null,28,0.20599999999999999,5.7679999999999998,3]
["EMBTUB","Embases tube iro en 16 (Unité)","U",400,null,400,0.20599999999999999,82.399999999999991,3]
["EMBTUB","Embases tube iro en 25 (Unité)","U",300,null,300,0.20599999999999999,61.8,3]
["EMBTUB","Embases tube iro en 40 (Unité)","U",350,null,350,0.20599999999999999,72.099999999999994,3]
["Gaines"]
["ICTCOU","ICT 16 (Couronne de 100Ml)","Cour",16,null,{"$f":"D359-E359","v":16},15.55,{"$f":"F359*G359","v":248.8},3,2]
["ICTCOU","ICT 20 (Couronne de 100Ml)","Cour",3,null,3,17.079999999999998,51.239999999999995,3,2]
["ICTCOU","ICT 25 (couronne de 100ml)","Cour",2,null,2,26.7,53.4,3,2]
["TINCOU","TINB 40 (couronne de 50ml)","Cour",1,null,1,88.63,88.63,3,1]
[]
["REPERAGE"]
["Duplix"]
["CAREDU","Capot repere Duplix","Boite",9,null,{"$f":"D366-E366","v":9},16.29,{"$f":"F366*G366","v":146.60999999999999},3,5]
["PORREB","Porte repère duplix Bleu (Boite)","Boite",11,null,{"$f":"D367-E367","v":11},13.38,{"$f":"F367*G367","v":147.18},3,5,"384-56"]
["PORRER","Porte repère duplix Rouge (boite)","Boite",8,null,{"$f":"D368-E368","v":8},13.38,{"$f":"F368*G368","v":107.04},3,5,"384-52"]
["REPCHI","Repère duplix chiffre \".\" (Boite)","Boite",10,null,10,{"$f":"1.64","v":1.64},16.399999999999999,3,5,"384-41"]
["REPCHI","Repère duplix chiffre \"0\" (Boite)","Boite",17,null,17,{"$f":"1.64","v":1.64},27.88,3,5,"384-00"]
["REPCHI","Repère duplix chiffre \"1\" (Boite)","Boite",5,null,5,{"$f":"1.64","v":1.64},8.1999999999999993,3,5,"384-01"]
["REPCHI","Repère duplix chiffre \"2\" (Boite)","Boite",6,null,6,1.64,9.84,3,5,"384-02"]
["REPCHI","Repère duplix chiffre \"3\" (Boite)","Boite",6,null,6,1.64,9.84,3,5,"384-03"]
["REPCHI","Repère duplix chiffre \"4\" (Boite)","Boite",30,null,30,1.64,49.199999999999996,3,5,"384-04"]
["REPCHI","Repère duplix chiffre \"5\" (Boite)","Boite",24,null,24,1.64,39.36,3,5,"384-05"]
["REPCHI","Repère duplix chiffre \"6\" (Boite)","Boite",30,null,30,1.64,49.199999999999996,3,5,"384-06"]
["REPCHI","Repère duplix chiffre \"7\" (Boite)","Boite",18,null,18,1.64,29.52,3,5,"384-07"]
["REPCHI","Repère duplix chiffre \"8\" (Boite)","Boite",20,null,20,1.64,32.799999999999997,3,5,"384-08"]
["REPCHI","Repère duplix chiffre \"9\" (Boite)","Boite",22,null,22,1.64,36.08,3,5,"384-09"]
["REPLET","Repère duplix lettre \"A\" (Boite)","Boite",7,null,7,1.64,11.479999999999999,3,5,"384-10"]
["REPLET","Repère duplix lettre \"B\" (Boite)","Boite",14,null,14,1.64,22.959999999999997,3,5,"384-11"]
["REPLET","Repère duplix lettre \"C\" (Boite)","Boite",12,null,12,1.64,19.68,3,5,"384-12"]
["REPLET","Repère duplix lettre \"D\" (Boite)","Boite",6,null,6,1.64,9.84,3,5,"384-13"]
["REPLET","Repère duplix lettre \"E\" (Boite)","Boite",16,null,16,1.64,26.24,3,5,"384-14"]
["REPLET","Repère duplix lettre \"F\" (Boite)","Boite",4,null,4,1.64,6.56,3,5,"384-15"]
["REPLET","Repère duplix lettre \"G\" (Boite)","Boite",11,null,11,1.64,18.04,3,5,"384-16"]
["REPLET","Repère duplix lettre \"H\" (Boite)","Boite",7,null,7,1.64,11.479999999999999,3,5,"384-17"]
["REPLET","Repère duplix lettre \"I\" (Boite)","Boite",4,null,4,1.64,6.56,3,5,"384-18"]
["REPLET","Repère duplix lettre \"J\" (Boite)","Boite",6,null,6,1.64,9.84,3,5,"384-19"]
["REPLET","Repère duplix lettre \"K\" (Boite)","Boite",10,null,10,1.64,16.399999999999999,3,5,"384-20"]
["REPLET","Repère duplix lettre \"L\" (Boite)","Boite",8,null,8,1.64,13.12,3,5,"384-21"]
["REPLET","Repère duplix lettre \"M\" (Boite)","Boite",4,null,4,1.64,6.56,3,5,"384-22"]
["REPLET","Repère duplix lettre \"N\" (Boite)","Boite",5,null,5,1.64,8.1999999999999993,3,5,"384-23"]
["REPLET","Repère duplix lettre \"O\" (Boite)","Boite",7,null,7,1.64,11.479999999999999,3,5,"384-24"]
["REPLET","Repère duplix lettre \"P\" (Boite)","Boite",6,null,6,1.64,9.84,3,5,"384-25"]
["REPLET","Repère duplix lettre \"Q\" (Boite)","Boite",6,null,6,1.64,9.84,3,5,"384-26"]
["REPLET","Repère duplix lettre \"R\" (Boite)","Boite",11,null,11,1.64,18.04,3,5,"384-27"]
["REPLET","Repère duplix lettre \"S\" (Boite)","Boite",9,null,9,1.64,14.76,3,5,"384-28"]
["REPLET","Repère duplix lettre \"T\" (Boite)","Boite",8,null,8,1.64,13.12,3,5,"384-29"]
["REPLET","Repère duplix lettre \"U\" (Boite)","Boite",6,null,6,1.64,9.84,3,5,"384-30"]
["REPLET","Repère duplix lettre \"V\" (Boite)","Boite",9,null,9,1.64,14.76,3,5,"384-31"]
["REPLET","Repère duplix lettre \"W\" (Boite)","Boite",6,null,6,1.64,9.84,3,5,"384-32"]
["REPLET","Repère duplix lettre \"X\" (Boite)","Boite",6,null,6,1.64,9.84,3,5,"384-33"]
["REPLET","Repère duplix lettre \"Y\" (Boite)","Boite",5,null,5,1.64,8.1999999999999993,3,5,"384-34"]
["REPLET","Repère duplix lettre \"Z\" (Boite)","Boite",5,null,5,1.64,8.1999999999999993,3,5,"384-35"]
[]
["MATERIEL ELECTRIQUE"]
["Arrêt d'urgence"]
["ARURAC","ARRET D URGENCE AVEC CLEF","U",1,null,{"$f":"D409-E409","v":1},null,{"$f":"F409*G409","v":0},3,null,38003]
["COUNEO","COUPURE NEON ","U",4,null,4,null,0,3,null,38050]
["dérivation"]
["BOIPLE","BOITE PLEXO 260x330","U",1,null,1,2.8,2.8,3]
["BOIPLE","BOITE PLEXO 180X140","U",2,null,2,2.8,5.6,3]
["BOIPLE","BOITE PLEXO 100X100","U",10,null,10,2.6,26,3]
["BOIPLE","BOITE PLEXO 80x80","U",5,null,5,1.24,6.2,3]
[]
["DIVERS"]
["VITCOF","Vitre pour coffret","U",20,null,{"$f":"D418-E418","v":20},null,{"$f":"F418*G418","v":0},3]
["COPV80","Coude PVC 80°","U",56,null,56,null,0,3]
["PAFICO","Patte de fixation coffret","U",196,null,196,null,0,3,null,"01969"]
["MOUPOL","Mousse PU","U",15,null,15,null,0,3]
["BOMGAL","Bombes Galva","U",19,null,19,null,0,3]
["BOMGAZ","Bombes de gaz","U",30,null,30,null,0,3]
["SCHORA","Schotch Orange","U",24,null,24,null,0,3]
["SAUSUN","Big bag","U",280,null,280,6.2,1736,3]
[]
["VISSERIE"]
["Boulons inox"]
[null,"Diam 6"]
["BOUINO","Boulon bh inox 6x20","U",800,null,{"$f":"D430-E430","v":800},null,{"$f":"F430*G430","v":0},3,null,109304]
["BOUINO","Boulon bh inox 6x30","U",500,null,500,null,0,3,null,109320]
["ECRINO","Ecrou inox M6","U",1250,null,1250,null,0,3,null,5383]
["RONINO","Rondelle inox 6x18 / 1,2","U",600,null,600,null,0,3,null,17753]
["RONINO","rondelle inox 6/24 x1,2","U",2600,null,2600,null,0,3,null,111802]
["RONINO","rondelle inox diam 6","U",2800,null,2800,null,0,3,null,"255114m6"]
["RONINO","rondelle inox diam 6","U",1000,null,1000,null,0,3,null,167032]
[null,"Diam 8"]
["BOUINO","Boulon bh inox 8x30","U",300,null,300,null,0,3,null,109380]
["BOUINO","Boulon bh inox 8x40","U",250,null,250,null,0,3,null,109398]
["BOUINO","Boulon bh inox 8x50","U",100,null,100,null,0,3,null,271713]
["RONINO","Rondelle inox 8x22 / 1,5","U",600,null,600,null,0,3,null,17754]
["RONINO","rondelle inox 8/30 x1,5","U",500,null,500,null,0,3,null,111726]
["ECRINO","Ecrou inox M8","U",900,null,900,null,0,3,null,5371]
[null,"Diam 10",null,null,null,null,null,0,3]
["RONINO","rondelle inox 10/5 22x2","U",500,null,{"$f":"D445-E445","v":500},null,0,3,null,"mn10blc"]
["RONINO","rondelle inox 10/36 x2","U",1100,null,1100,null,0,3,null,11803]
[null,"Diam 12",null,null,null,null,null,0,3]
["RONINO","rondelle inox 12/40 x25","U",350,null,{"$f":"D448-E448","v":350},null,0,3,null,"ll 12 blc"]
[null,"Diam 14",null,null,null,null,null,0,3]
["RONINO","rondelle inox 14/38 x25","U",100,null,{"$f":"D450-E450","v":100},null,0,3,null,"ln14bc"]
[]
["Boulons zingués"]
[null,"Diam 6"]
["BOUACI","Boulon 6x20","U",1250,null,{"$f":"D454-E454","v":1250},null,{"$f":"F454*G454","v":0},3,null,97330]
["BOUACI","Boulon 6x30","U",800,null,800,null,0,3,null,97357]
["BOUACI","Boulon 6x40","U",750,null,750,null,0,3,null,97373]
["ECTIFI","ecrou diam 6","U",2500,null,2500,null,0,3,null,4359]
[null,"Diam 8",null,null,null,null,null,0,3]
["BOUACI","Boulon 8x20","U",900,null,900,null,0,3,null,97608]
["BOUACI","Boulon 8x30","U",500,null,500,null,0,3,null,97497]
["BOUACI","Boulon 8x40","U",300,null,300,null,0,3,null,97519]
["BOUACI","Boulon 8x50","U",200,null,200,null,0,3,null,97535]
["ECTIFI","ecrou diam 8","U",600,null,600,null,0,3,null,4379]
[null,"Diam 10",null,null,null,null,null,0,3]
["BOUACI","Boulon 10x20","U",400,null,400,null,0,3,null,97691]
["BOUACI","Boulon 10x30","U",300,null,300,null,0,3,null,97632]
["BOUACI","Boulon 10x40","U",200,null,200,null,0,3,null,97659]
["ECTIFI","ecrou diam 10","U",600,null,600,null,0,3,null,95435]
[null,null,null,null,null,null,null,0,3]
[null,"Diam 12",null,null,null,null,null,0,3]
[null,null,"U",null,null,null,null,0,3]
["ECTIFI","ecrou diam 12","U",null,null,{"$f":"D472-E472","v":0},null,0,3]
[null,"Diam 14",null,null,null,null,null,0,3]
["ECRACI","ecrou  diam 14","U",100,null,100,null,0,3,null,"4032b"]
[null,null,"U",null,null,0,null,0,3]
[]
["Rondelles bi métal"]
["ROBIME","Rondelles bi métal B 130 - 6","U",1409,null,{"$f":"D478-E478","v":1409},null,{"$f":"F478*G478","v":0},3,null,7341531]
[]
["Autoperf"]
[null,"Inox"]
["AUPEIN","Auto perf inox 3,9x19","U",2600,null,{"$f":"D482-E482","v":2600},null,{"$f":"F482*G482","v":0},3,null,171727]
["AUPEIN","Auto perf inox 3,9x25","U",4200,null,4200,null,0,3,null,174542]
["AUPEIN","Auto perf inox 5,5x25","U",1100,null,1100,null,0,3,null,121240]
["AUPEIN","Auto perf inox 6,3x25","U",500,null,500,null,0,3,null,147603]
["AUPEIN","Auto perf inox 6,3x32","U",800,null,800,null,0,3,null,121247]
[null,"Zinguées",null,null,null,null,null,0,3]
["AUTPER","Auto perf 3,9x19","U",2300,null,2300,null,0,3,null,21727]
["AUTPER","Auto perf 3,9x25","U",2250,null,2250,null,0,3,null,758155]
["AUTPER","Auto perf 5,5x19 ","U",2500,null,2500,null,0,3,null,"tht8-55019"]
["AUTPER","Auto perf 4,8x25","U",500,null,500,null,0,3,null,591580]
["AUTPER","Auto perf 5,5x25","U",800,null,800,null,0,3,null,97519]
["AUTPER","Auto perf 5,5x38","U",1500,null,1500,null,0,3,null,214055]
["AUTPER","Auto perf 5,5x50","U",1250,null,1250,null,0,3,null,"tht855050"]
["AUTPER","Auto perf 6,3x19","U",1250,null,1250,null,0,3,null,511048]
["AUTPER","Auto perf 6,3x25","U",2000,null,2000,null,0,3,null,511064]
["AUTPER","Auto perf 6,3x32","U",1700,null,1700,null,0,3,null,591599]
["AUTPER","Auto perf 6,3x50","U",1150,null,1150,null,0,3,null,540838]
["AUTPER","Auto perf 6,3x63","U",300,null,300,null,0,3,null,"tht1063063"]
[]
["Vis à bois"]
["VIBOCR","vis bois 5x25","U",4000,null,{"$f":"D502-E502","v":4000},null,{"$f":"F502*G502","v":0},3,null,86616]
["VIBOCR","vis bois 5x30","U",1500,null,1500,null,0,3,null,86617]
["VIBOCR","vis bois 5x40","U",2000,null,2000,null,0,3,null,86619]
["VIBOCR","vis bois 5x","U",500,null,500,null,0,3,null,86612]
["VIBOCR","vis bois 5x70","U",2200,null,2200,null,0,3,null,86913]
["VIBOCR","vis bois 5x80","U",1000,null,1000,null,0,3,null,86914]
["VIBOCR","vis bois 6x30","U",2000,null,2000,null,0,3,null,86628]
["VIBOCR","vis bois 6x40","U",1400,null,1400,null,0,3,null,86629]
["VIBOCR","vis bois 6x50","U",750,null,750,null,0,3,null,86630]
["VIBOCR","vis bois 6x60","U",1000,null,1000,null,0,3,null,86631]
["VIBOCR","vis bois 6x70","U",1400,null,1400,null,0,3,null,87062]
["VIBOCR","vis bois 6x80","U",400,null,400,null,0,3,null,86920]
[]
["Chevilles"]
[null,"Driva et molly"]
["CHEDRI","Cheville Driva","U",600,null,{"$f":"D517-E517","v":600},null,{"$f":"F517*G517","v":0},3,null,5205]
["CHEMOL","cheville molly 5x37","U",80,null,80,null,0,3,null,62310]
["CHEMOL","cheville molly 5x60","U",30,null,30,null,0,3]
[null,"Cheville plastique"]
["CHEPLA","cheville 6x30","U",3025,null,3025,null,0,3,null,48008]
["CHEPLA","cheville 8x40","U",1200,null,1200,null,0,3,null,48007]
["CHEPLA","cheville 8x50","U",1500,null,1500,null,0,3,null,135184]
["CHEPLA","cheville 10x50","U",200,null,200,null,0,3,null,70010]
["CHEPLA","cheville 10x60","U",200,null,200,null,0,3,null,53268]
[null,"Cheville à frapper"]
["CHEFRA","Cheville à frapper 5x25","U",800,null,800,null,0,3,null,50116]
["CHEFRA","Cheville à frapper 5x36","U",2800,null,2800,null,0,3,null,50117]
["CHEFRA","Cheville à frapper 6x30","U",3000,null,3000,null,0,3,null,50118]
["CHEFRA","Cheville à frapper 6x40","U",1900,null,1900,null,0,3,null,50119]
["CHEFRA","Cheville à frapper 6x52","U",2200,null,2200,null,0,3,null,50121]
["CHEFRA","Cheville à frapper 6x60","U",600,null,600,null,0,3,null,298409]
["CHEFRA","Cheville à frapper 6x65","U",900,null,900,null,0,3,null,50122]
["CHEFRA","Cheville à frapper 8x40","U",400,null,400,null,0,3,null,60090]
["CHEFRA","Cheville à frapper 8x62","U",700,null,700,null,0,3,null,50124]
[null,"Spitfix"]
["TIGFIX","spitfix 10x 110/50,40","U",20,null,20,null,0,3]
["TIGFIX","spitfix 12x 140/65,50","U",23,null,23,null,0,3]
["TIGFIX","spitfix 12x 160/85,20","U",10,null,10,null,0,3]
[]
[null,"Boulons poelier"]
["BOPOFE","boulon poelier fendu 6x40","U",120,null,{"$f":"D542-E542","v":120},null,{"$f":"F542*G542","v":0},3,null,50012]
["BOPOFE","boulon poelier fendu 6x60","U",40,null,40,null,0,3,null,75014]
["BOPOLI","Boulon poelier lisse 8x160","U",24,null,24,null,0,3,null,138767]
[null,"Rivets"]
["RIALAC","Rivet 4x16","U",700,null,700,null,0,3]
["RIALAC","Rivet 4,8x18","U",400,null,400,null,0,3]
["RIALAC","Rivet 4,8x20","U",100,null,100,null,0,3]
["RIALAC","Rivet 4,8x30","U",11,null,11,null,0,3]
[null,"Scellement chimique"]
["CASCCH","Cage de scellement chimique H20/130","U",17,null,17,null,0,3]
["CASCCH","Cage de scellement chimique H16/85","U",20,null,20,null,0,3]
[]
["Borne de recharge"]
["Peinture"]
["PEROBA","Peinture routière Blanche","Pot",5,null,{"$f":"D556-E556","v":5},97.4,{"$f":"F556*G556","v":487},4]
["PEROBL","Peinture routière Bleu","Pot",2,null,2,109.44,218.88,4]
["BUNOPA","Butée de parking","U",1,null,1,41.61,41.61,4]
["Accessoires"]
["BIDDIL","Dilluant","Pot",5,null,5,41.61,208.05,4]
["PRCHVO","PRISE CHARGE VOITURE","U",10,null,10,0,0,4,null,90471]
[]
["Divers"]
["PRRESO","Projecteurs René Solar (Auchan Manosque)","U",25,null,25,181.5,4537.5,3]
["RELERS","Reglette etanche LED René Solar (Auchan Manosque)","U",58,null,58,49.2,2853.6000000000004,3]
["MB325","Modules Benq 325Wc","U",25,null,25,265,6625,3]

{"sheet":"Mezzanine","index":2,"n_rows":148,"n_cols":11,"rows_kept":148,"cut":false,"hidden":false,"merged":[[124,1,124,10],[126,1,126,10],[130,1,130,10],[139,1,139,10],[93,1,93,10],[102,0,102,10],[103,1,103,10],[108,1,108,10],[114,1,114,10],[11,1,11,10],[15,1,15,10],[0,1,1,6],[5,0,5,5],[9,0,9,9],[10,0,10,10],[6,0,6,5],[36,1,36,10],[23,1,23,10],[29,1,29,10],[26,1,26,10],[33,0,33,10],[34,1,34,10],[40,0,40,10],[41,1,41,10],[43,1,43,10],[45,1,45,10],[51,1,51,10],[58,0,58,10],[59,1,59,10],[63,1,63,10],[61,1,61,10],[68,1,68,10],[83,0,83,10],[84,1,84,10],[89,0,89,10],[90,1,90,10],[71,0,71,10],[72,1,72,10],[75,0,75,10],[76,1,76,10],[78,1,78,10]]}
[null,"SARE / St Auban\nMezzanine"]
[]
[]
["Stock :","2018-01-03"]
[]
["Total"]
[{"$f":"SUMIF(I9:I634,\"Stock dormant\",H9:H634)","v":38632.97}]
[]
["Ref Magasin","Articles","Unité","Entrée","Sorti","Q","PU","TOTAL HT","Cat.","Seuil critique","Réf fourn"]
["Câbles"]
["Coffret et borne Cibe"]
[null,"Coffret"]
["CIMO60","Coffret mono 60A",null,32,null,{"$f":"D13-E13","v":32},83.69,{"$f":"G13*F13","v":2678.08},"Stock dormant",null,"69 80 890"]
["CIPPMO"," Coffret équipé mono 60A+ETR",null,5,null,{"$f":"D14-E14","v":5},106,{"$f":"G14*F14","v":530},"Stock dormant",null,"69 80 891"]
["COPPMO","Coffret mono 2x60A TLR",null,13,null,13,201.4,2618.2000000000003,"Stock dormant",null,"69 80 888"]
[null,"Bornes"]
["BOM60A","Borne mono 60a",null,3,null,3,137.13999999999999,411.41999999999996,"Stock dormant",null,"69 80 805"]
["BOM60T","Borne mono 60a TLR",null,17,null,17,159.49,2711.33,"Stock dormant",null,"69 80 806"]
["COCI60","Borne mono 2x60a TLR",null,11,null,11,262.77,2890.47,"Stock dormant",null,"69 80 803"]
["CIMO90","Borne mono 90 A",null,null,null,0,null,0,"Stock dormant",null,"69 80 810"]
["COCIBO","Borne grille fausse coupure 2x150 2x35",null,null,null,0,null,0,"Stock dormant",null,"69 80 816"]
["BOBRT2","Borne branch mono T2",null,11,null,11,307.08,3377.8799999999997,"Stock dormant",null,"69 80 811"]
["CIT2DD","Bornes type 2 dos a dos 60A",null,null,null,0,465.14,0,"Stock dormant",null,"69 80 812"]
[null,"GRILLES"]
["GR153-","Grille étoilement 150² - 3x35²",null,16,null,16,168.9,2702.4,"Stock dormant",null,"69 80 819"]
["GR2X--","Grille fausse coupure 2x150² - 2x35²",null,5,null,5,203.63,1018.15,"Stock dormant",null,"69 80 820"]
[null,"Kits"]
["KITRCI","Kit tri 60A",null,1,null,1,50.8,50.8,"Stock dormant",null,"69 80 881"]
[]
[null,"Divers"]
["GRARTE","Porte coffret + téléreport",null,9,null,{"$f":"D31-E31","v":9},null,{"$f":"G31*F31","v":0},"Stock dormant",null,"69 80 825"]
["PAAC","Panneau accés coffret",null,8,null,8,null,0,"Stock dormant",null,"69 80 824"]
[]
["S15"]
[null,"Coffret"]
["COCIFI","Corp S15 CIP + Fix panneau",null,1,null,{"$f":"D36-E36","v":1},null,{"$f":"G36*F36","v":0},"Stock dormant",null,"69 80 158"]
[null,"Divers"]
["COUSOC","Couvercle socle S15",null,2,null,2,33.57,67.14,"Stock dormant",null,"69 80 087"]
["PORCOF","Porte S15",null,3,null,3,null,0,"Stock dormant",null,"69 80 151"]
[]
["S20"]
[null,"Coffret"]
["COMOTR","Coffret de comptage Mono/Tri + Capot",null,null,null,{"$f":"D43-E43","v":0},42.1,{"$f":"G43*F43","v":0},"Stock dormant",null,"69 80 138"]
[null,"Socles"]
["SOCDOU","Socle double 700 ",null,11,null,11,228.43,2512.73,"Stock dormant",null,"69 80 036"]
[null,"CONNECTIONS"]
["GRIREP","Grille de repiquage pour S20",null,3,null,3,60.09,180.27,"Stock dormant",null,"69 80 492"]
["MOARBP","Module d'arrivé bi-polaire S20",null,47,null,47,32.200000000000003,1513.4,"Stock dormant",null,"69 80 136"]
["MODEBP","Module départ bi-polaire S20",null,37,null,37,22.24,822.88,"Stock dormant",null,"69 80 137"]
["BOCO4D","Boitier de connection TLR 4 Directions",null,170,null,170,18.55,3153.5,"Stock dormant",null,"44 49 075"]
["PMTREM","Panneau Mono/Tri équipé Mono",null,14,null,14,56.1,785.4,"Stock dormant",null,"69 80 132"]
[null,"Divers"]
["POS20T","Porte S20T",null,36,null,36,null,0,"Stock dormant",null,"69 80 027"]
["PO20TS","Porte S20T Sertria",null,39,null,39,null,0,"Stock dormant",null,"69 80 331"]
["POTS20","Porte S20",null,4,null,4,null,0,"Stock dormant",null,"69 80 026"]
["PASÉLEC TRI","Interface remplacement compteur tri",null,11,null,11,75.040000000000006,825.44,"Stock dormant",null,"69 80 337"]
["DISUMO","Dispositif subtitution compt mono",null,16,null,16,66.17,1058.72,"Stock dormant",null,"69 80 336"]
[]
["S22"]
[null,"Coffret"]
["C22DIC","Coffret haut platine compt disj",null,null,null,{"$f":"D61-E61","v":0},null,{"$f":"G61*F61","v":0},"Stock dormant",null,"69 80 429"]
[null,"Socles"]
["SOCHAU","Socle haut S22",null,null,null,0,103,0,"Stock dormant",null,"69 80 460"]
[null,"Platines"]
["PLDOMO","Platine S22 double mono 60A",null,1,null,1,null,0,"Stock dormant",null,"69 80 496"]
["PLADCC","Platine S22 A2/D2 C/C",null,21,null,21,59.14,1241.94,"Stock dormant",null,"69 80 495"]
["PL22T2","Platine S22 type 2",null,24,null,24,null,0,"Stock dormant",null,"69 80 499"]
["GRRS23","Grille de repiquage S22",null,2,null,2,null,0,"Stock dormant",null,"69 80 493"]
[null,"Divers"]
["POS22T","Porte + TLR",null,26,null,26,47.48,1234.48,"Stock dormant",null,"69 80 477"]
[]
["S17"]
[null,"Coffret"]
["COCCCC","Coffret T 2 / Capot coupe circuit",null,4,null,{"$f":"D74-E74","v":4},null,{"$f":"G74*F74","v":0},"Stock dormant",null,"69 80 001"]
[]
["CGV"]
[null,"Bornes"]
["BOCGTR","Borne CGV platine Type 2 tri",null,null,null,{"$f":"D78-E78","v":0},477.36,{"$f":"G78*F78","v":0},"Stock dormant",null,"69 80 813"]
[null,"Platines"]
["PAGR35","Platine T2 Tri",null,42,null,42,null,0,"Stock dormant",null,"69 80 815"]
["PLS2CG","Platine comptage tri",null,1,null,1,null,0,"Stock dormant",null,"69 80 837"]
["GRRECI","Grille de repiquage cible 3x35",null,1,null,1,null,0,"Stock dormant",null,"69 80 818"]
[]
["C400/P200"]
[null,"Coffret"]
["COSOTE","Coffret C400/P200 + socle + telereport",null,1,null,{"$f":"D86-E86","v":1},517.96,{"$f":"G86*F86","v":517.96},"Stock dormant",null,"69 02 053"]
["PACCTR","Pack ccpi tri disj 60a S35-200 a-400a-60a",null,22,null,22,null,0,"Stock dormant",null,"69 40 053"]
["PACCMO","Pack ccpi mono disj 400/90a",null,5,null,5,null,0,"Stock dormant",null,"60 45 22"]
[]
["Colonnes"]
[null,"Coffret"]
["COCCTE","coffret cc tetra 60a",null,48,null,{"$f":"D92-E92","v":48},null,{"$f":"G92*F92","v":0},"Stock dormant",null,"69 40 038"]
["COCCBI","coffret cc bipo 90 a",null,47,null,47,null,0,"Stock dormant",null,"69 40 036"]
[null,"Panneaux"]
["PACCMO","Pack ccpi mono 90A distri 400 a",null,null,null,0,null,0,"Stock dormant",null,"69 40 522"]
["PACOMO","Panneau contrôle prod mono",null,1,null,1,67.03,67.03,"Stock dormant",null,"69 81 282"]
["NIDABE","NID D ABEILLE",null,9,null,9,null,0,"Stock dormant",null,"69 02 149"]
["PATRDI","Panneau 250x800 tri et CC",null,27,null,27,125.75,3395.25,"Stock dormant",null,"69 81 222"]
["ADAAIG","Interface remplacement compteur ",null,38,null,38,35.950000000000003,1366.1000000000001,"Stock dormant",null,"69 81 279"]
["PCMODO","Platine de comptage Mono double",null,41,null,41,22,902,"Stock dormant",null,"69 81 292"]
["PAHN50","Panneau mono 250X500 blanc sans habillage",null,20,null,20,null,0,"Stock dormant",null,"68 81 210"]
[]
["Bornes de charge"]
[null,"Disjoncteur Puissance"]
["NS250V","NSX 250 F vigi 4P4D",null,1,null,{"$f":"D105-E105","v":1},null,{"$f":"G105*F105","v":0},"Stock dormant",null,"LV431950"]
["NS400M","NSX 400F Micrologic 2,3 4P4D",null,1,null,1,null,0,"Stock dormant",null,"LV432677"]
["CABOLE","Cache borne Long 4P pour NSX400/630",null,2,null,2,null,0,"Stock dormant",null,"LV432594"]
["CABOLE","Cache borne Long pour  épanouisseur 4P 400A",null,1,null,1,null,0,"Stock dormant",null,"LV432596"]
[null,"Disjoncteur Branchement"]
["DD1030","Disjoncteur Mono 10/30A 500MA",null,12,null,12,null,0,"Stock dormant",null,"585031 30A"]
["DIBR1545","Disjoncteur Mono 15/45A 500 MA",null,42,null,42,null,0,"Stock dormant",null,245500]
["DIBR3060","Disjoncteur Mono 30/60A 500 MA",null,16,null,16,null,0,"Stock dormant",null,2605009]
["DD6090","Disjoncteur Mono 60/90A 500MA",null,34,null,34,null,0,"Stock dormant",null,"585026 90A"]
["DD304P","Disjoncteur différentiel 30A 500MA 4P",null,2,null,2,null,0,"Stock dormant",null,6930056]
[null,"Disjoncteur Modulaire"]
["DI402A","Disjoncteur DT 40 mono C 2A",null,9,null,9,null,0,"Stock dormant",null,"DT 40N C 2A"]
["DI404A","Disjoncteur DT 40 mono C 4A",null,10,null,10,null,0,"Stock dormant",null,"DT 40N C 4A"]
["DIDT10","Disjoncteur DT40 2x10A",null,10,null,10,null,0,"Stock dormant",null,"A9N21365"]
["DT4016","Disjoncteur DT 40 mono C 16",null,9,null,9,null,0,"Stock dormant",null,"DT 40N C 16A"]
["DT4020","Disjoncteur DT 40 mono C 20",null,13,null,13,null,0,"Stock dormant",null,"DT 40N C 20A"]
["BDV40A","Bloc différentiel vigi DT 40A",null,9,null,9,null,0,"Stock dormant",null,"A9N21450"]
["BLDI40","Bloc différentiel DT40 30mA",null,23,null,23,null,0,"Stock dormant",null,"A9N21454"]
["CODOSI","Double contact de signalisation Of +sd+of",null,3,null,3,null,0,"Stock dormant",null,26929]
["CONTOF","Contact auxilliaire OF DT 40",null,28,null,28,null,0,"Stock dormant",null,"A9N26924"]
[null,"Inter differentiel"]
["I40300","Inter différentiel 40A 300mA",null,1,null,1,null,0,"Stock dormant",null,"ID 40A 300MA"]
[null,"Divers Modulaire"]
["HORLOG","Horloge modulaire deux canaux",null,9,null,9,null,0,"Stock dormant",null,"CCT 15853"]
["ALIMOD","Transfo modulaire 220/24 5W",null,9,null,9,null,0,"Stock dormant",null,"ABL8MEM24006"]
["COEN40","Compteur mono 40A modulaire",null,20,null,20,null,0,"Stock dormant",null,"A9MEM2010"]
[null,"Divers"]
["BOI6TR","Boitier à boutons 6 trous ",null,14,null,14,null,0,"Stock dormant",null,"XAP M3206"]
["BORBRA","Contact pour bouton NC",null,75,null,75,null,0,"Stock dormant",null,"ZBE 102"]
["BOUCLE","Bouton à clef 455 noir 2 positions",null,89,null,89,null,0,"Stock dormant",null,"XB4 BG21"]
["ETBOCL","Etiquette pour bouton à clefs",null,90,null,90,null,0,"Stock dormant",null,"ZBE 2101"]
["P20B2T","Platine repiquage Tri",null,22,null,22,null,0,"Stock dormant",null,"69 80 396"]
["SUPCAB","Support de câble sur borne",null,7,null,7,null,0,"Stock dormant",null,"EVP1PH"]
["COMOVI","COFFRET MONITO VIDE",null,null,null,0,null,0,"Stock dormant"]
["COHATI","COFFRET HANGARS TI",null,null,null,0,null,0,"Stock dormant"]
[null,"Bornes"]
["BORRMI","Borne Remic 2014+JDB 450+TEL",null,0,null,0,null,0,"Stock dormant"]
["BONRMI","Borne Remic 2014 600+JDB 600+TEL",null,3,null,3,null,0,"Stock dormant"]
["BORRMI","Borne Remic 2014 300+JDB 300+TEL",null,21,null,21,null,0,"Stock dormant"]
["SOPPCO","Socle pour coffret Puiss surveillée 200/400A",null,1,null,1,null,0,"Stock dormant",null,"69 80 210"]
["COFETA","Coffret étanche",null,29,null,29,null,0,"Stock dormant",null,"01908"]
["COFETA","Coffret étanche",null,2,null,2,null,0,"Stock dormant",null,"4114035"]
["COFETA","Coffret étanche",null,2,null,2,null,0,"Stock dormant",null,"01925"]
["COFETA","Coffret étanche",null,1,null,1,null,0,"Stock dormant",null,"414034"]

{"sheet":"Supports","index":3,"n_rows":55,"n_cols":11,"rows_kept":55,"cut":false,"hidden":false,"merged":[[0,1,1,6],[5,0,5,5],[6,7,6,8],[30,1,30,10],[6,0,6,5],[50,1,50,10],[7,7,7,8],[7,9,7,11],[11,0,11,10],[12,1,12,10]]}
[null,"SARE / St Auban\nSupports"]
[]
[]
["Stock :","2018-01-03"]
[]
["Total"]
[{"$f":"SUMIF(I14:I78,2,H14:H78)","v":4890.68}]
[]
[]
[]
["Ref Magasin","Articles","Unité","Entrée","Sortie","Q","PU","TOTAL HT","Cat.","Seuil critique","Réf. Fourn."]
["SUPPORTS"]
[null,"Béton"]
["SUPBET","10 D 2,5",null,1,null,1,257.86,{"$f":"F14*G14","v":257.86},2,null,"1 teinte"]
["SUPBET","10 D 400",null,1,null,1,327.99,{"$f":"F15*G15","v":327.99},2]
["SUPBET","10 D 6,5",null,null,null,0,389,0,2,null,"1 teinte"]
["SUPBET","11 D 400",null,null,null,0,377.92,0,2]
["SUPBET","11 D 6,5",null,1,null,1,481.88,481.88,2,null,"1 teinte"]
["SUPBET","11 D 8",null,null,null,0,537.16,0,2]
["SUPBET","12 D 400",null,1,null,1,429.9,429.9,2]
["SUPBET","12 D 6,5",null,1,null,1,548.29999999999995,548.29999999999995,2]
["SUPBET","12 D 8",null,null,null,0,610.19000000000005,0,2]
["SUPBET","12 D 10",null,null,null,0,696.01,0,2]
["SUPBET","12 E 800",null,null,null,0,759.54,0,2]
["SUPBET","12 E 10",null,null,null,0,923.33,0,2]
["SUPBET","12 E 20",null,null,null,0,1432.86,0,2]
["SUPBET","14 E 20",null,null,null,1,1376.33,1376.33,2]
["SUPBET","15 E 16",null,null,null,0,1517.97,0,2]
["SUPBET","13 E 16 ",null,null,null,0,1434.91,0,2]
["SUPBOI","9 S 325",null,null,null,0,189,0,2]
[null,"Bois"]
["SUPBOI","10 S 190",null,null,null,0,154.4,0,2]
["SUPBOI","10 S 325",null,null,null,0,226,0,2]
["SUPBOI","11 S140",null,null,null,0,145.30000000000001,0,2]
["SUPBOI","11 S190",null,null,null,0,175.3,0,2]
["SUPBOI","11 S255",null,null,null,0,259.10000000000002,0,2]
["SUPBOI","11 S325",null,null,null,0,259.10000000000002,0,2]
["SUPBOI","12 S255",null,null,null,1,259.10000000000002,259.10000000000002,2]
["SUPBOI","13 S 325",null,null,null,0,247,0,2]
["SUPBOI","12 S190",null,null,null,0,202,0,2]
["SUPBOI","12 S 325",null,null,null,0,244,0,2]
["SUPBOI","12 S 325",null,null,null,0,326.3,0,2]
["SUPBOI","13 S 190",null,null,null,0,328,0,2]
["SUPBOI","13 S 325",null,null,null,2,368,736,2]
["SUPBOI","13 S 255",null,null,null,0,398,0,2]
["SUPBOI","14 S 190",null,null,null,0,402,0,2]
["SUPBOI","14 S 255",null,null,null,1,412,412,2]
["SUPBOI","14 S 325",null,null,null,0,null,0,2]
["SUPBOI","15 S 325",null,null,null,0,453,0,2]
["SUPBOI","12 s 140",null,null,null,0,225,0,2]
[null,"Buses"]
["BUSNOI","Buse diamètre 400 (au ml)",null,1,null,1,15.33,15.33,2,12]
["BUSNOI","Buse diamètre 600 (au ml)",null,1,null,1,15.33,15.33,2,6]
["BUSNOI","Buse diamètre 800 (au ml)",null,null,null,0,15.33,0,2,6]
["BUSNOI","Buse diamètre 1000 (au ml)",null,2,null,2,15.33,30.66,2]

{"sheet":"Ligne","index":4,"n_rows":431,"n_cols":12,"rows_kept":431,"cut":false,"hidden":false,"merged":[[0,1,1,6],[5,0,5,5],[29,1,29,10],[42,1,42,10],[49,1,49,10],[6,0,6,5],[198,1,198,10],[74,1,74,10],[11,1,11,10],[10,0,10,10],[18,1,18,10],[24,1,24,10],[28,0,28,10],[161,1,161,10],[152,0,152,10],[153,1,153,10],[186,1,186,10],[197,0,197,10],[381,0,381,10],[394,0,394,10],[409,0,409,10],[173,1,173,10],[180,1,180,10],[356,1,356,10],[364,1,364,10],[335,1,335,10],[240,0,240,10],[293,0,293,10],[241,1,241,10],[314,1,314,10],[355,0,355,10],[202,1,202,10],[212,0,212,10],[222,0,222,10]]}
[null,"SARE / St Auban\nLocal Ligne"]
[]
[]
["Stock :","2018-01-03"]
[]
["Total"]
[{"$f":"SUMIF(I11:I450,2,H11:H450)","v":146292.68000000005}]
[]
[]
["Ref Magasin","Articles","Unité","Entrée","Sortie","Q","PU","TOTAL HT","Cat.","Seuil critique","Réf. Fourn."]
["Câbles Aérien HTA"]
[null,"Almelec"]
["CABAST","Cond Allialu Nu GR Aster 34,4 Nu","ml",100,null,{"$f":"D13-E13","v":100},null,{"$f":"G13*F13","v":0},2,null,"59 52 335"]
["CABAST","Cond Allialu Nu GR Aster 54,6 Nu","ml",100,null,{"$f":"D14-E14","v":100},1.1000000000000001,{"$f":"G14*F14","v":110.00000000000001},2]
["CABAST","Cond Allialu Nu GR Aster 75 Nu","ml",null,null,0,null,0,2]
["CABAST","Cond Allialu Nu GR Aster 116 Nu","ml",null,null,0,null,0,2]
["CABAST","Cond Allialu Nu GR Aster 117 Nu","ml",null,null,0,null,0,2]
["CABAST","Cond Allialu Nu GR Aster 148 Nu","ml",null,null,0,null,0,2]
[null,"Alu Acier"]
["CABPHL","Cond Allialuac Nu Gr Phlox 37,7","ml",200,null,200,null,0,2,null,"59 56 205"]
["CABAST","Aster 59 NU","ml",null,null,0,1.98,0,2]
["CABAST","Aster 60 NU","ml",null,null,0,1.79,0,2]
["CABAST","Aster 75 NU","ml",null,null,0,1.79,0,2]
["CABAST","Aster 116 NU","ml",null,null,0,1.79,0,2]
[null,"Gainé"]
["CABASG","Cable Aster  54,6 G - Couronne","ml",100,null,100,null,0,2]
["CABASG","Cable Aster 148mm2 Gaine (Couronne 50m)","ml",50,null,50,null,0,2,null,"61 24 036"]
[]
["Armement HTA"]
[null,"Poutres"]
["ARMSUP","VR1","U",14,null,14,121.91,{"$f":"G31*F31","v":1706.74},2,null,6853335]
["ARMSUP","VR1 Gainé","U",0,null,0,198.6,0,2,null,"68 53 336"]
["ARMSUP","VR2","U",19,null,19,198.6,3773.4,2,null,"68 53 337"]
["ARMSUP","VR2 Gainé","U",0,null,0,198.6,0,2,null,"68 53 338"]
["ARMSUP","NV1 60/80","U",11,null,11,252.69,2779.59,2,null,"68 57 226"]
["ARMSUP","NV1 80/80","U",20,null,20,252.69,5053.8,2,null,"68 57 244"]
["ARMSUP","NV2 60/70","U",null,null,0,177.26,0,2,null,"68 57 265"]
["ARMSUP","NA2Y 6300 D","U",null,null,0,null,0,2,null,"68 55 113"]
["ARMSUP","NA4Y 3150 D","U",2,null,2,null,0,2,null,"68 55 401"]
["ARMSUP","NA3U 20 000S","U",1,null,1,null,0,2,null,"68 55 315"]
["ARMSUP","NA3U 16 000S","U",1,null,1,null,0,2,null,"68 55 314"]
["ARMSUP","MNA 1Y 6300D","U",1,null,1,null,0,2,null,"68 55 106"]
[null,"Colliers"]
["COLGAL","CNV 180 (Ensemble)","U",58,null,58,17.62,1021.96,2,null,"68 57 425"]
["COLGAL","CNV 160 (Ensemble)","U",20,null,20,16.88,337.59999999999997,2,null,"68 57 418"]
["COLGAL","CNV 200 (Ensemble)","U",30,null,30,23.16,694.8,2,null,"68 57 438"]
["COLGAL","CNV 60-240","U",6,null,6,null,0,2,null,"68 57 440"]
["COLGAL","CNV60160 J (Ensemble)","U",9,null,9,37.630000000000003,338.67,2,null,"CNV160J1BH"]
["COLDOU","Collier universel double","U",0,null,0,40.020000000000003,0,2,null,"CUPBJ"]
[null,"Fixations"]
["BOUGAL","BH 14X 50MM avec Ecrou","U",140,null,140,null,0,2,null,"68 00 676"]
["BOUGAL","BH 14X100MM avec Ecrou","U",800,null,800,null,0,2,null,"68 00 682"]
["BOUGAL","BH 14X 150MM avec Ecrou","U",19,null,19,null,0,2,null,"68 00 688"]
["BOUGAL","BH 14X 200MM avec Ecrou","U",18,null,18,null,0,2,null,"68 00 691"]
["BOUGAL","BH 14X 250MM avec Ecrou","U",200,null,200,null,0,2,null,"68 00 697"]
["BOUGAL","BH 14X 300MM avec Ecrou","U",6,null,6,null,0,2,null,"68 00 703"]
["BOUGAL","BH 14X 400MM avec Ecrou","U",0,null,0,null,0,2,null,"68 00 715"]
["BOUGAL","BH 14X 450MM avec Ecrou","U",4,null,4,null,0,2,null,"68 00 718"]
["BOUGAL","BH 14X 500MM avec Ecrou","U",null,null,0,null,0,2,null,"68 00 718"]
["BOUGAL","BH 14X 600MM avec Ecrou","U",null,null,0,null,0,2,null,"68 00 718"]
["TIGFIL","BH 16/200","U",10,null,{"$f":"D61-E61","v":10},null,{"$f":"G61*F61","v":0},2,null,"68 00 743"]
["TIGFIL","BH 16/400","U",66,null,{"$f":"D62-E62","v":66},null,{"$f":"G62*F62","v":0},2,null,"68 10 207"]
["TIGFIL","BH 16/500","U",10,null,{"$f":"D63-E63","v":10},null,{"$f":"G63*F63","v":0},2,null,"68 10 209"]
["TIGFIL","BH 16/700","U",2,null,{"$f":"D64-E64","v":2},null,{"$f":"G64*F64","v":0},2,null,"68 00 755"]
["PLACAR","PR 55","U",144,null,144,null,0,2,null,"68 05 112"]
["PLACAR","PR 35","U",33,null,33,null,0,2,null,6805104]
["PLACAR","PL 50/50","U",0,null,0,null,0,2]
["ETR4EC","Etriers 14 70 120","U",425,null,425,3.47,1474.75,2,null,"68 62 048"]
["ETR4EC","Etriers 14 70 200","U",65,null,65,null,0,2,null,"68 62 056"]
["ETR4EC","Etriers 14 70 400","U",null,null,0,11.88,0,2,null,"68 62 136"]
["ETR4EC","Etriers 16 70 120","U",16,null,16,6.03,96.48,2,null,"68 62 170"]
["ETR4EC","Etriers 16 70 200","U",31,null,31,6.87,212.97,2,null,"68 62 171"]
["RALGAL","RL 40x300","U",38,null,38,6.61,251.18,2,null,"68 65 144"]
["RALGAL","RL 40x600","U",null,null,0,17.96,0,2,null,"68 55 204"]
[null,"Isolateurs"]
["ISOVER","VHT 20T","U",114,null,114,14.98,1707.72,2,null,"66 176 08"]
["ISOVER","VHT 22T","U",54,null,{"$f":"D77-E77","v":54},18.690000000000001,1009.2600000000001,2,null,"66 176 14"]
["ISOVER","Iso verre capot tige CT 175/40","U",127,null,127,12.39,1573.53,2,null,"66 10 047"]
["ISOVER","Iso verre capot tige CT 254/40","U",30,null,30,null,0,2,null,"66 10 062"]
[null,"Accessoires isolateurs"]
["TIGRAL","TR 200","U",197,null,197,8.73,1719.8100000000002,2,null,"68 54 158"]
["TIGRAL","TR 240","U",33,null,33,9.2200000000000006,304.26000000000005,2,null,"68 54 161"]
["TIGRAL","TR 285","U",null,null,0,9.2200000000000006,0,2,null,"68 54 164"]
["OEICHA","OL 70","U",158,null,158,4.9400000000000004,780.5200000000001,2,null,"68 63 012"]
["BALCHA","BS 70","U",58,null,58,14.08,816.64,2,null,"68 66 011"]
["BALCHA","BS 40","U",219,null,219,4.8,1051.2,2,null,"68 66 010"]
["OEICHA","OL 40","U",148,null,148,3.14,464.72,2,null,"68 63 008"]
["BLACHA","B11 A (6866095)","U",null,null,0,null,0,2,null,"68 66 095"]
["OEICHA","OR 1 (6863017)","U",null,null,0,2.46,0,2,null,"68 63 017"]
["CHAGAV","CH 8A","U",77,null,77,null,0,2,null,6865047,"double  etrier"]
["PIALAL","Pinces alignement alu 22/75","U",null,null,0,null,0,2,null,6860303,6860453]
["PIALAL","Pinces alignement alu 75/148","U",null,null,0,null,0,2]
["FIISVE","Malicol 20 22","U",92,null,92,18.95,{"$f":"G93*F93","v":1743.3999999999999},2,null,"67 51 007"]
["FIISVE","Malicol 30","U",null,null,0,null,0,2,null,"67 51 006"]
["FIISVE","Malicol 36","U",89,null,89,18.95,1686.55,2,null,"67 51 004"]
["FIISVE","Malicol 75","U",24,null,24,null,0,2]
[null,"Connectique"]
["RABRIS","CBOG 54G","U",400,null,400,10.93,4372,2,null,"67 21 241"]
["RABRIS","CBOG 148G","U",77,null,77,18.649999999999999,1436.05,2,null,"67 21 243"]
["RABRIS","CD74 AG2-06-54 AL (Racc TST)","U",null,null,0,10.93,0,2,null,"67 21 153"]
["RABRIS","CD74 AG2-06-54 Cu (Racc TST)","U",null,null,0,10.93,0,2,null,"67 31 153"]
["RABRIS","CD74 AG2-06-148 AL (Racc TST)","U",null,null,0,18.649999999999999,0,2,null,"67 21 154"]
["RABRIS","CD74 AG2-06-148 cu (Racc TST)","U",null,null,0,18.649999999999999,0,2,null,"67 31 154"]
["RABRIS","CD 74 AP 54 (Racc TST)","U",null,null,0,52.44,0,2,null,"67 21 153"]
["RABRIS","CD 74 CG 148 (Racc TST)","U",null,null,0,75.98,0,2,null,"67 31 154"]
["ANALAC","AB 38","U",140,null,140,34.86,4880.3999999999996,2,null,"68 61 400"]
["ANALAC","AB 54","U",null,null,0,60,0,2]
["ANALAC","AB 59","U",37,null,37,60.35,2232.9500000000003,2,null,"68 61 402"]
["ANALAC","AB 60","U",32,null,32,46.99,1503.68,2,null,"68 61 404"]
["ANALAC","AB 69","U",17,null,17,64.84,1102.28,2]
["ANALAC","AB 75","U",15,null,15,55.35,830.25,2,null,"68 61 406"]
["ANALAC","AB 80","U",9,null,9,61.19,550.71,2,null,"68 61 408"]
["ANALAC","AB 88","U",null,null,0,59.41,0,2]
["ANALAC","AB 116","U",26,null,26,53.94,1402.44,2,null,"68 61 410"]
["ANALAC","AB 147","U",18,null,18,56.32,1013.76,2,null,"68 61 412"]
["MAACBT","ABT 34","U",308,null,308,12.48,3843.84,2,null,"68 61 350"]
["MAACBT","ABT 38","U",null,null,0,11.88,0,2,null,"68 61 352"]
["MAACBT","ABT 54","U",113,null,113,11.88,1342.44,2,null,"68 61 352"]
["MAACBT","ABT 60","U",null,null,0,20.28,0,2,null,"68 61 354"]
["MAACBT","ABT 75","U",59,null,59,20.28,1196.52,2,null,"68 61 354"]
["MAACBT","ABT 117","U",208,null,208,36.75,7644,2,null,"68 61 356"]
["MAACBT","ABT 148","U",62,null,62,23.26,1442.1200000000001,2,null,"68 61 358"]
["RAPASE","RDB 34","U",63,null,63,16.39,1032.57,2,null,"67 21 301"]
["RAPASE","RDB 54","U",22,null,22,16.11,354.41999999999996,2,null,"67 21 303"]
["RAPASE","RDB 75","U",9,null,9,22.91,206.19,2,null,"67 21 305"]
["RAPASE","RDB 117","U",15,null,15,27.04,405.59999999999997,2,null,"67 21 307"]
["RAPASE","RDB 148","U",80,null,80,24.21,1936.8000000000002,2,null,"67 21 309"]
["MAJOAL","Manchons de ligne J34  Almelec","U",174,null,174,20.75,3610.5,2,null,"67 24 507"]
["MAJOAL","Manchons de ligne J43 Almelec","U",null,null,0,6.32,0,2,null,6724509]
["MAJOAL","Manchons de ligne J54 Almelec","U",48,null,48,2.4300000000000002,116.64000000000001,2,null,"67 24 513"]
["MAJOAL","Manchons de ligne J75 Almelec","U",39,null,39,4.8499999999999996,189.14999999999998,2,null,"67 24 515"]
["MAJOAL","Manchons de ligne J93 Almelec","U",null,null,0,10.59,0,2,null,6724518]
["MAJOAL","Manchons de ligne J117 Almelec","U",93,null,93,9.66,898.38,2,null,"67 24 522"]
["MAJOAL","Manchons de ligne J148 Almelec","U",31,null,31,9.74,301.94,2,null,"67 24 524"]
["MAJOAL","Manchons de ligne MR 34","U",12,null,12,47.33,567.96,2,null,"67 22 151"]
["MAJOAL","Manchons de ligne MR 54","U",4,null,4,43.75,175,2,null,"67 22 153"]
["JOALAC","Manchons de ligne J34 AR","U",174,null,174,1.76,306.24,2,null,"67 24 539"]
["JOALAC","Manchons de ligne J38 ALR","U",18,null,18,10.74,193.32,2,null,"67 24 538"]
["JOALAC","Manchons de ligne J60 ALR","U",85,null,85,21.22,1803.6999999999998,2,null,"67 24 543"]
["JOALAC","Manchons de ligne J69 ALR","U",12,null,12,21.22,254.64,2]
["JOALAC","Manchons de ligne J75 ALR","U",12,null,12,31.5,378,2,null,"67 24 546"]
["JOALAC","Manchons de ligne J80 AR","U",12,null,12,36.32,435.84000000000003,2,null,"67 24 548"]
["JOALAC","Manchons de ligne J88 AR","U",6,null,6,24.28,145.68,2]
["JOALAC","Manchons de ligne J116 AR","U",36,null,36,28.61,1029.96,2,null,"67 24 550"]
["JOALAC","Manchons de ligne J147AR","U",null,null,0,29.02,0,2,null,"67 24 552"]
["JOALAC","Manchons de ligne J147ALR","U",39,null,39,29.02,1131.78,2,null,"67 24 554"]
["MAJOAL","MACHON DE LIGNE MR 117","U",19,null,19,null,0,2,null,"67 22 151"]
["MAJOAL","MANCHON DE LIGNE MR 148","U",2,null,2,null,0,2,null,"67 22 153"]
["ANALAC","Manchon ancrage broche retcomp AB 38 LR","U",140,null,140,null,0,2,null,"68 61 374"]
["ADBRAN","Adapt broch manc ancr 1 boul ADB1","U",22,null,22,null,0,2,null,"68 61 470"]
["ADBRAN","Adapt broch manc ancr 2 boul ADB2","U",31,null,{"$f":"D151-E151","v":31},null,0,2,null,"68 61 471"]
[]
["Câbles BT"]
[null,"Aérien"]
["CABTOR","Cable Alu Tors SS port 2x25 cour 100M","ML",50,null,{"$f":"D155-E155","v":50},null,{"$f":"G155*F155","v":0},2,null,"61 25 074"]
["CABTOR","T150","ML",null,null,0,7.5,0,2]
["CABTOR","T150 + EP","ML",null,null,0,9.17,0,2]
["CABTOR","T70","ML",null,null,0,4.0999999999999996,0,2]
["CABTOR","T70 + EP","ML",null,null,0,6.62,0,2]
["CABTOR","T 2x25 + Télereport","ML",null,null,0,1.86,0,2]
["CABTOR","T 4x25 + Téléreport","ML",null,null,0,1.7,0,2]
[null,"Pinces pour câbles aériens"]
["PINSUS","Pinces de suspension M300S","U",18,null,18,11.25,202.5,2,null,"68 60 303"]
["PINSUS","Pinces de suspension M300D","U",null,null,0,11.75,0,2,null,"68 60 453"]
["PIALAL","Pinces alignement Alpax 75A228 Dervaux","U",0,null,0,null,0,2,null,"68 60 305"]
["PIACSI","PAC 2000","U",null,null,0,12.32,0,2,null,6827110]
["PISUBT","EAS 1500","U",5,null,5,14.72,73.600000000000009,2,null,"68 25 030"]
["PIACSI","EASC 1500","U",36,null,36,14.72,529.92000000000007,2,null,"68 25 032"]
["PIACSI","EAS 2000","U",176,null,176,14.72,2590.7200000000003,2,null,"68 25 034"]
["PISUBT","ES 2000","U",533,null,533,6.81,3629.73,2,null,"68 25 004"]
["PIACSI","Pince de branchement- PA25","U",83,null,83,7.73,641.59,2,null,"68 28 501"]
["BOQUCO","BQC 12x300","U",26,null,26,3.75,97.5,2,null,"68 27 239"]
["COSUPI","Console de suspension C10","U",96,null,96,null,0,2]
[null,"Accessoire de support"]
["FEUINO","Dévidoir 50m feuillard inox 20x0,4","U",27,null,27,24.35,657.45,2,null,"68 39 644"]
["FEUINO","Feuillard 20/07 (Rouleau)","U",47,null,47,35.880000000000003,1686.3600000000001,2,null,"68 39 646"]
["FEUINO","Dévidoir 50m feuillard inox 10x0,7","U",35,null,35,null,0,2,null,"68 39 629"]
["FEUINO","Dévidoir 50m feuillard inox 10x0,4","U",32,null,32,18.7,598.4,2,null,"68 39 628"]
["CHAINO","CF 10 (Boite)","Boite",12,null,12,9.8800000000000008,118.56,2,null,6839726]
["CHAINO","CF 20 (Boite)","Boite",14,null,14,11.72,164.08,2,null,"68 39 724"]
[null,"Accessoires"]
["COCABT","BIC 50 90","U",230,null,230,2.0099999999999998,462.29999999999995,2,null,"68 86 661"]
["COCABT","BIC 30 50","U",250,null,250,0.55000000000000004,137.5,2,null,"68 27 654"]
["COCABT","BIC 15 30","U",600,null,600,0.51,306,2,null,"68 27 652"]
["BERFAC","BRPF1","U",100,null,{"$f":"D185-E185","v":100},0.59,{"$f":"G185*F185","v":59},2,null,6826001]
["CABGAC","EM 86","U",500,null,500,0.42,210,2,null,"68 86 680"]
[null,"Souterrain"]
["CABSOU","HN 2x35 Télereport","ML",null,null,{"$f":"D188-E188","v":0},4.3,0,2]
["CABSOU","Telereport armé","ML",null,null,0,0.65,0,2]
["CABSOU","HN 3x35 + terre périphérique","ML",null,null,0,null,0,2]
["CABSOU","HN 4x35 Alu","ML",null,null,0,4.22,0,2]
["CABSOU","HN 4x35 + Telereport","ML",null,null,0,5.2,0,2]
["CABSOU","HN 3x95+75 Alu","ML",null,null,0,7.58,0,2]
["CABSOU","HN 3x150+95 Alu","ML",null,null,0,13.2,0,2]
["CABSOU","HN 3x 240+95 Alu","ML",null,null,0,18.28,0,2]
["CABSOU","HN 3x 240+115 Alu","ML",null,null,0,18.28,0,2]
[]
["Câbles HTA"]
[null,"Souterrain"]
["CABMOY","C33 226  3x95 Alu","ML",null,null,{"$f":"D200-E200","v":0},15.9,{"$f":"G200*F200","v":0},2]
["CABMOY","C33 226  3x150 Alu","ML",null,null,0,17.899999999999999,0,2]
["CABMOY","C33 226  3x240 Alu","ML",null,null,0,23,0,2]
[null,"Terre"]
["CABTER","Cab cu nu rec 25,2 mm²","ML",1525,null,1525,1.8,2745,2,null,"59 10 151"]
["CABTER","Cablette de terre 1x25 RO2V","ML",1000,null,1000,2,2000,2]
["PIQMAL","Piquet de terre galva","U",130,null,130,3.8879999999999999,505.44,2]
["PIMAAC","Piquet de Terre acier inoxlong 16-1","U",1,null,1,null,0,2,null,"59 80 195"]
["PIMACU","Piquet de terre cuivre","U",15,null,15,3.8879999999999999,58.32,2]
["COSCUI","Cosse cuivre 25","U",73,null,73,2.17,158.41,2,null,"67 07 710"]
["RACCCU","Connecteur \"C\" (RCC25)","U",250,null,250,0.82,205,2,null,"67 08 725"]
["COCUDO","DPD7 29/25 D 14,5 E","U",null,null,0,2.11,0,2]
[]
["Ferrures et connectiques parafoudre"]
["FERPAR","Ferrure Parafoudre H61","U",3,null,3,160.74,482.22,2]
["FEERPA","Fer sup parafoudre RAS","U",0,null,0,null,0,2,null,"68 86 427"]
["PAISSY","Paraf HTA 24KV ZNO synt SS dec","U",3,null,3,null,0,2,null,"73 10 810"]
["BRANSY","Broche Parafoudre BR 92","U",123,null,123,null,0,2,null,"73 12 001"]
["BRANSY","Broche Eras verticale","Lot (x3)",5,null,5,null,0,2,null,"73 12 011"]
["FUSLIG","Limitor P24","Lot (x3)",57,null,57,130.80000000000001,7455.6,2]
["SUPISO","Suppontkit","U",31,null,31,127.83,3962.73,2,null,"66 19 215"]
["COAVRO","Collier avertisseur rouge (SPR)","U",77,null,77,6,462,2,null,"68 88 651"]
[]
["Haubans"]
["TIANHA","Tige d'ancrage hauban  l=1900","U",7,null,7,34.74,243.18,2,null,"68 10 088"]
["TIANHA","Tige d'ancrage hauban  l=2300","U",1,null,1,null,0,2,null,6810093]
["PLAHAU","Plaque hauban P300","U",4,null,4,19.54,78.16,2,null,6810504]
["PLAHAU","Plaque hauban P400","U",2,null,2,44.62,89.24,2,null,6810506]
["COSCOE","Cosses cœur","U",null,null,0,5.69,0,2,null,"230 000 000 7"]
["SERCAB","Serre-câble SC 14","U",null,null,0,null,0,2,null,"68 10 806"]
["MAHAAC","Manchons  MOD 5043","U",47,null,47,null,0,2,null,"68 10 142"]
["MAHAAC","Manchons ancrages 5203","U",25,null,25,null,0,2,null,"68 10 156"]
["TEOERO","Tendeurs D12 OO","U",null,null,0,13.12,0,2,null,"68 27 528"]
["TEOERO","Tendeurs D18 OO","U",6,null,6,23.12,138.72,2,null,"68 27 556"]
["TEOERO","Tendeurs D24 OO","U",5,null,5,34.61,173.05,2,null,"68 27 567"]
["NOCEMA","Noix de Hauban (NT1)","U",null,null,0,48.85,0,2,null,"230 000 89 17"]
["NOCEMA","Noix de Hauban (NT2)","U",14,null,14,50.9,712.6,2,null,2300008918]
["CAACGA","Cable de hauban  10","ML",100,null,100,null,0,2,null,"68 10 667"]
["COHASI","Collier de hauban simple 80-165","U",71,null,71,null,0,null,null,"68 10 033"]
["COHADO","Collier de hauban double 120-240","U",16,null,16,null,0,null,null,"68 10 038"]
[]
["Manchons et trousses de jonction"]
[null,"BT"]
["ENJOIS","EJPT 150/150/70/70","U",17,null,{"$f":"D243-E243","v":17},14.15,{"$f":"G243*F243","v":240.55},2,null,"67 22 680"]
["ENJOIS","EJPT 150/150","U",null,null,0,null,0,2,null,"67 22 680"]
["ENJOIS","EJPT 150/70-54,6","U",null,null,0,null,0,2,null,"67 22 674"]
["ENJOIS","EJPT 150/70-70","U",11,null,11,14.15,155.65,2,null,"67 22 681"]
["ENJOIS","EJPT 150/70-54,6","U",null,null,0,14.15,0,2,null,"67 22 680"]
["ENJOIS","EJPT 70/70-70","U",null,null,0,7.83,0,2,null,"67 22 673"]
["ENJOIS","EJPT 70/70-54,6","U",7,null,7,10.94,76.58,2,null,"67 22 677"]
["MAISRE","MJPT 150/150","U",42,null,42,4.08,171.36,2,null,"67 22 662"]
["MAISRE","MJPT 150/70","U",57,null,57,4.5999999999999996,262.2,2,null,"67 22 661"]
["MAISRE","MJPT 70/70","U",23,null,23,1.87,43.010000000000005,2,null,"67 22 658"]
["MAISRE","MJPT 70/70N","U",null,null,0,4.1500000000000004,0,2,null,"67 22 667"]
["MAISRE","MJPT 70/54N","U",62,null,62,4.82,298.84000000000003,2,null,"67 22 666"]
["MAISRE","MJPT 70/50","U",63,null,63,2.35,148.05000000000001,2,null,"67 22 657"]
["MAISRE","MJPT 50/50","U",null,null,0,2.7,0,2,null,"67 22 655"]
["MAISRE","MJPT 70/35","U",49,null,49,2.87,140.63,2,null,"67 22 656"]
["MAISRE","MJPT 54/54N","U",51,null,51,3.58,182.58,2,null,"67 22 665"]
["MAISRE","MJPB 35/35","U",null,null,0,0.78,0,2]
["MAISRE","MJPB 35/25","U",0,null,0,0.75,0,2,null,"67 32 060"]
["MAISRE","MJPB 35/16 ","U",null,null,0,0.78,0,2,null,"67 32 058"]
["MAISRE","MJPB 25/25 ","U",6,null,6,0.73,4.38,2,null,"67 32 111"]
["MAISRE","MJPB 25/16","U",259,null,259,0.73,189.07,2,null,"67 32 105"]
["MAISRE","MJPB 25/10","U",216,null,216,0.73,157.68,2,null,"67 32 109"]
["MAISRE","MJPB 25/06","U",200,null,200,0.75,150,2,null,"67 32 118"]
["MAISRE","MJPB 16/16","U",216,null,216,0.73,157.68,2,null,"67 32 107"]
["MAISRE","MJPB 16/10","U",98,null,98,0.75,73.5,2,null,"67 32 103"]
["MAISRE","MJPB 16/06","U",187,null,187,0.78,145.86000000000001,2,null,"67 32 117"]
["MAISRE","MJPB 10/10","U",41,null,41,0.74,30.34,2,null,"67 32 101"]
["MAISRE","MJPB 10/06","U",143,null,143,0.78,111.54,2,null,"67 32 116"]
["MAISRE","MJPB 06/06","U",198,null,198,0.78,154.44,2,null,"67 32 115"]
["MAISRE","MJPBAS 35M/35M","U",88,null,88,1.03,90.64,2]
["MAISRE","MJPBAS 35/35M","U",14,null,14,1.02,14.280000000000001,2,null,"67 32 130"]
["MAISRE","MJPBAS 35M/25","U",83,null,83,1.06,87.98,2]
["MAISRE","MJPBAS 25M/21 CU","U",111,null,111,1.26,139.86000000000001,2,null,"67 22 314"]
["MAISRE","MJPBAS 25M/25M","U",20,null,20,2.64,52.800000000000004,2,null,"67 22 304"]
["MAISRE","MJPBAS 25M/25","U",8,null,8,1.02,8.16,2,null,"67 32 129"]
["MAISRE","MJPBAS 16M/25","U",172,null,172,1.02,175.44,2,null,"67 32 127"]
["MAISRE","MJPBAS 35M/16","U",151,null,151,0.99,149.49,2,null,"67 32 127"]
["MAISRE","MJPBAS 25M/16","U",137,null,137,1.06,145.22,2,null,"67 32 125"]
["MAISRE","MJPBAS 16M/16","U",null,null,0,1.02,0,2,null,"67 32 123"]
["MAISRE","MJPBAS 35M/10","U",128,null,128,0.99,126.72,2,null,"67 32 123"]
["MAISRE","MJPBAS 25M/10","U",51,null,51,1.06,54.06,2,null,"67 32 122"]
["MAISRE","MJPBAS 35M/06","U",121,null,121,1.03,124.63000000000001,2]
["MAAESO","MJTAS 50/54","U",null,null,0,11.25,0,2,null,"67 22 621"]
["MAAESO","MJTAS 70/54","U",null,null,0,11.03,0,2]
["MAAESO","MJTAS 70/70","U",null,null,0,12.2,0,2,null,"67 22 624"]
["MAAESO","MJTAS 95/70","U",null,null,0,10.25,0,2]
["MAAESO","MJTAS 95/150","U",null,null,0,10.38,0,2]
["MAAESO","MJTAS 150/70","U",null,null,0,14.68,0,2,null,"67 22 629"]
["MAAESO","MJTAS 150/150","U",null,null,0,18.93,0,2,null,"67 22 630"]
["MAAESO","MJTAS 240/150","U",null,null,0,20.25,0,2]
[]
["Connecteurs de branchement aérien BT"]
["COBRRE","CDR/ CT 70","U",null,null,0,7.42,0,2,null,"67 21 761"]
["COBRRE","CDR/ CT 70 2S","U",291,null,291,5.25,1527.75,2,null,"67 21 771"]
["COBRRE","CDR/ CT 150 70 2S","U",170,null,170,6.24,1060.8,2,null,"67 21 775"]
["COBRRE","CDR/CT  150.70","U",null,null,0,14.57,0,2]
["COBRRE","CDR/CT  150.150 2S","U",108,null,108,14.88,1607.0400000000002,2,null,"67 21 777"]
["COBRRE","C.MALT 50-95 / 25","U",90,null,90,null,0,2]
["COMTCO","TTDSN 95 (Connecteur MALT coff.)","U",90,null,90,6.23,560.70000000000005,2,null,"67 31 735"]
["COBRRE","CBS/CT 25","U",253,null,253,1.66,419.97999999999996,2,null,"67 37 631"]
["COBRRE","CBS/CT 70","U",276,null,276,1.71,471.96,2,null,"67 37 640"]
["COBRRE","CES/CT 70","U",195,null,195,1.58,308.10000000000002,2,null,"67 37 630"]
["COBRRE","CBS/CT 150","U",334,null,334,2.2200000000000002,741.48,2,null,"67 37 650"]
["COBRRE","CB1P/CT70","U",null,null,0,null,0,2]
["COBRRE","CB1P/CT150","U",null,null,0,null,0,2]
["COBRRE","CMCC/CT 150","U",210,null,210,6.55,1375.5,2,null,"67 31 485"]
["COBRRE","CMCC/CT 70","U",253,null,253,5.95,1505.3500000000001,2,null,"67 31 483"]
["COBRRE","CRDCNA/70","U",51,null,51,7.91,403.41,2,null,"67 21 651"]
["COBRRE","CDR/CNA 2S 150","U",50,null,50,null,0,2,null,"67 21 652"]
["COBRRE","CDR CNU/70","U",143,null,143,11.11,1588.73,2,null,"67 21 661"]
["COBRRE","CRDCNA/150","U",null,null,0,18.78,0,2,null,"67 21 654"]
["COBRRE","CDR CNU/150","U",70,null,70,16.73,1171.1000000000001,2,null,"67 21 662"]
[null,"HTA"]
["JOAESO","EJAS 95-50/70-54","U",3,null,{"$f":"D316-E316","v":3},22.59,{"$f":"G316*F316","v":67.77},2,null,"67 22 636"]
["JOAESO","EJAS 95-50/70-70","U",4,null,4,22.82,91.28,2,null,"67 22 637"]
["JOAESO","EJAS 95-75/70-70","U",null,null,0,22.54,0,2]
["JOAESO","EJAS 95-75/70-54","U",0,null,0,23.28,0,2]
["JOAESO","EJAS 240/150","U",1,null,1,22.21,22.21,2]
["JOAESO","EJAS 240-95/70-70","U",2,null,2,40.03,80.06,2,null,"67 22 642"]
["JOAESO","EJAS 95-75/150-70","U",4,null,4,28.52,114.08,2]
["JOAESO","EJAS 150/70-70-54","U",2,null,2,22.21,44.42,2]
["JOAESO","EJAS 150/70-70/70","U",1,null,1,22.34,22.34,2,null,"67 22 639"]
["JOAESO","EJAS 150-95-70-70","U",3,null,3,23.47,70.41,2]
["JOAESO","EJAS 95/70","U",null,null,0,21.56,0,2]
["JOAESO","EJAS 150/70-150-70","U",2,null,2,22.55,45.1,2,null,"67 22 640"]
["JOAESO","EJAS 240-95/70-54","U",6,null,6,39.83,238.98,2,null,"67 22 641"]
["JOAESO","EJAS 240-95/150-70","U",1,null,1,38.1,38.1,2,null,"67 22 643"]
["JOAESO","EJAS 240-115/70-54","U",7,null,7,41.22,288.53999999999996,2,null,"67 22 646"]
["JOAESO","EJAS 240-115/150-54","U",0,null,0,39.24,0,2]
["JOAESO","EJAS 240-115/70/70","U",7,null,7,39.24,274.68,2,null,"67 22 647"]
["JOAESO","EJAS 240-115/150-70","U",8,null,8,41.02,328.16,2,null,"67 22 648"]
["JOAESO","EJAS 240-95-70-70","U",0,null,0,40.03,0,2,null,"67 22 642"]
["JOAESO","EJAS 240-115-70-70","U",null,null,0,41.22,0,2]
[null,"Jonction Alu souterrain"]
["MAJOAL","RJ1A 54/50","U",null,null,0,1.87,0,2]
["MAJOAL","RJ1A 50","U",13,null,13,2.4,31.2,2,null,"67 32 144"]
["MAJOAL","RJ1A 70","U",15,null,15,2.81,42.15,2,null,"67 32 145"]
["MAJOAL","RJ1A 70/50","U",null,null,0,4.08,0,2,null,"67 32 566"]
["MAJOAL","RJ1A 70/54","U",null,null,0,2.89,0,2]
["MAJOAL","RJ1A 95","U",31,null,31,2.4500000000000002,75.95,2]
["MAJOAL","RJ1A 95/50","U",null,null,0,4.08,0,2,null,"67 32 569"]
["MAJOAL","RJ1A 95/70","U",12,null,12,4.08,48.96,2,null,"67 32 572"]
["MAJOAL","RJ2A 120","U",3,null,3,3.12,9.36,2,null,"67 32 147"]
["MAJOAL","RJ2A 150 ","U",68,null,68,2.21,150.28,2,null,"67 32 148"]
["MAJOAL","RJ2A 150/50","U",null,null,0,5.0199999999999996,0,2,null,"67 32 576"]
["MAJOAL","RJ2A 150/70","U",10,null,10,5.0199999999999996,50.199999999999996,2,null,"67 32 577"]
["MAJOAL","RJ2A 150/95","U",24,null,24,19.899999999999999,477.59999999999997,2,null,"67 32 712"]
["MAJOAL","RJ4A 185","U",null,null,0,5,0,2,null,"67 39 149"]
["MAJOAL","RJ4A 240","U",10,null,10,3.59,35.9,2,null,"67 32 152"]
["MAJOAL","RJ4A 240/95","U",21,null,21,54.96,1154.1600000000001,2,null,"67 32 722"]
["MAJOAL","RJ4A 240/150","U",23,null,23,56.18,1292.1400000000001,2,null,"67 32 726"]
["MAJOAL","RJ5A 300","U",null,null,0,34.56,0,2]
[]
["Cosses"]
[null,"Alu"]
["COSALU","C1 A 50","U",null,null,{"$f":"D358-E358","v":0},3.52,{"$f":"G358*F358","v":0},2,null,"67 23 102"]
["COSALU","C1 A 70","U",null,null,0,3.76,0,2,null,"67 23 104"]
["COSALU","C1 A 95","U",null,null,0,2.54,0,2,null,"67 23 106"]
["COSALU","C2 A 120","U",null,null,0,4.09,0,2,null,"67 23 108"]
["COSALU","C2 A 150","U",null,null,0,2.85,0,2,null,"67 23 108"]
["COSALU","C4 A 185","U",null,null,0,2.77,0,2,null,"67 23 108"]
["COSALU","C4 A 240","U",null,null,0,4.3,0,2,null,"67 23 110"]
[null,"CU-Alu"]
["COALCU","C0 AU 35","U",null,null,0,3.4,0,2,null,"67 33 018"]
["COALCU","C1 AU 50","U",11,null,11,2.3199999999999998,25.52,2,null,"67 33 023"]
["COALCU","C2 AU 54","U",null,null,0,5.64,0,2,null,"67 23 827"]
["COALCU","C1 AU 70","U",7,null,7,2.3199999999999998,16.239999999999998,2,null,"67 33 044"]
["COALCU","C1 AU 95","U",47,null,47,2.3199999999999998,109.03999999999999,2,null,"67 33 058"]
["COALCU","C2 AU 150","U",11,null,11,2.62,28.82,2,null,"67 33 074"]
["COALCU","C4 AU 185","U",16,null,16,4.54,72.64,2,null,"67 33 092"]
["COALCU","C4 AU 240","U",115,null,115,3.39,389.85,2,null,"67 33 092"]
["COALCU","C5AU 300","U",5,null,5,8.06,40.300000000000004,2]
["COALCU","C5AU 400","U",null,null,0,7.88,0,2,null,"67 33 096"]
["COISCU","ERP/BU 70-54,6","U",8,null,8,null,0,2,null,"67 34 476"]
["COISCU","ERP/BU 150-70","U",11,null,11,null,0,2,null,"67 34 477"]
["CABGAC","Trousse TUR 240/95","U",null,null,0,34.270000000000003,0,2,null,"69 82 012"]
["COSTUR","Trousse TUR 150/70","U",null,null,0,29.78,0,2,null,"69 82 011"]
["COSTUR","Trousse TUR 95/50","U",null,null,0,25.68,0,2,null,"69 82 010"]
[]
["Modules"]
["CABGAC","Coffret Armoire TJ","U",null,null,{"$f":"D383-E383","v":0},990.00833333333333,{"$f":"G383*F383","v":0},2,null,"69 80 235"]
["CORMBT","Modules REMBT 35 D","U",21,null,21,41.65,874.65,2,null,"67 71 708"]
["CORMBT","Modules REMBT 35 P mono","U",10,null,10,23.28,232.8,2,null,"67 71 706"]
["CORMBT","Modules REMBT 35 P tri","U",17,null,17,42.86,728.62,2,null,"67 71 704"]
["CORMBT","Modules REMBT 150","U",11,null,11,41.65,458.15,2,null,"67 71 702"]
["CORMBT","Module REMBT 240","U",10,null,10,44.09,440.90000000000003,2,null,"67 71 700"]
["FUSTUR","Fusible HN63 S20 125A","U",28,null,28,10.199999999999999,285.59999999999997,2,null,"69 43 007"]
["FUSTUR","Fusible HN63 S20 200A","U",56,null,56,10.199999999999999,571.19999999999993,2,null,"69 43 009"]
["FUSTUR","Fusible HN63 S20 250A","U",5,null,5,10.199999999999999,51,2,null,"69 43 013"]
["FUSTUR","Fusible HN63 S20 400A","U",42,null,42,10.83,454.86,2,null,"69 43 016"]
["NEUTUR","Couteau de neutre","U",57,null,57,8.5,484.5,2,null,"69 43 450"]
[]
["Protections HT BT"]
["PRMAEP","GPC35/35 MARRON","U",15,null,{"$f":"D396-E396","v":15},4.1500000000000004,{"$f":"G396*F396","v":62.250000000000007},2,null,"68 80 562"]
["PRGREP","GPC35/35 Grise","U",40,null,40,3.49,139.60000000000002,2,null,"68 80 540"]
["PRIVEP","GPC35/35 Ivoire","U",0,null,0,3.49,0,2,null,"68 80 572"]
["PRGRBA","GPC60/60 Grise","U",55,null,55,5.74,315.7,2,null,"68 80 542"]
["PRMABA","GPC60/60 Marron","U",6,null,6,6.58,39.480000000000004,2,null,"68 80 563"]
["PRIVBA","GPC60/60 Ivoire","U",21,null,21,5.9,123.9,2,null,"68 80 573"]
["PRGRBA","GPC90/90 Grise","U",54,null,54,8.4700000000000006,457.38000000000005,2,null,"68 80 544"]
["PRIVBA","GPC90/90 Ivoire","U",20,null,20,8.8000000000000007,176,2,null,"68 80 574"]
["PRTRMR","PROTECTION DE TERRE MARON","U",20,null,20,null,0,2,null,"68 80 545"]
["PAMABA","GPC90/90 Marron","U",2,null,2,8.8000000000000007,17.600000000000001,2,null,"68 80 545"]
["PRMRMO","GPC120/120 MARRON","U",null,null,0,21.25,0,2,null,"68 80 565"]
["PRTRGR","PROTECTION TERRE grise","U",11,null,11,2.0499999999999998,22.549999999999997,2,null,"68 80 535"]
["PRGRHT","GPC120/120 GRISE","U",23,null,23,21.25,488.75,2]
[]
["Thermoretractables et divers"]
["EXRECA","E4R 240","U",42,null,{"$f":"D411-E411","v":42},4.38,{"$f":"G411*F411","v":183.96},2,null,"67 98 304"]
["EXRECA","E4R 150","U",54,null,54,3.38,182.51999999999998,2,null,"67 98 303"]
["EXRECA","E4R 10 35","U",97,null,97,1.63,158.10999999999999,2,null,"67 98 302"]
["EXRECA","E2R 10 35","U",116,null,116,1.59,184.44,2,null,"67 98 316"]
["EMRECA","CRB 10-25","U",3882,null,3882,0.6,2329.1999999999998,3,null,"67 29 403"]
["EMRECA","CRC 16 27","U",4034,null,4034,0.57999999999999996,2339.7199999999998,2,null,6798607]
["EMRECA","CRR 16 70","U",510,null,510,0.39,198.9,2,null,"67 29 408"]
["EMRECA","CRC 26 48","U",117,null,117,0.96,112.32,2,null,"67 98 609"]
["EMRECA","CRC 46 80","U",21,null,21,2.0699999999999998,43.47,2,null,"67 98 612"]
["GARECA","GRN 240","Rouleau",23,null,23,19.600000000000001,450.8,2,null,"67 98 333"]
["GARECA","GRN 50/150","Rouleau",36,null,36,13.16,473.76,2,null,"67 98 331"]
["GARECA","GRN 10/35","Rouleau",19,null,19,4.2300000000000004,80.37,2,null,"67 98 323"]
["GARECA","GRN 35/95","Rouleau",null,null,0,0.47,0,2,null,"67 98 325"]
["GARECA","RGTH 10-34 (Gaine fendu pour réparation câble)","U",null,null,0,null,0,3]
["GARECA","RGTH 25-80 (Gaine fendu pour réparation câble)","U",null,null,0,null,0,3]
["RESGEL","Boite Gel Box 25","U",null,null,0,50,0,2]
["RESGEL","Quick Gel 425P","U",16,null,16,null,0,2]
["RESGEL","Quick Gel 525P","U",18,null,18,null,0,2]
["RUBSIG\"","RUBALISE  ","Rouleau",144,null,144,1.52,218.88,2,10]
["TUBGRA","TUBE DE GRAISSE","U",12,null,12,3.85,46.2,2]
["SCOORA","Scotch orange","Rouleau",null,null,0,null,0,2]

{"sheet":"colonnes","index":5,"n_rows":65,"n_cols":11,"rows_kept":65,"cut":false,"hidden":false,"merged":[[0,1,1,6],[5,0,5,5],[6,0,6,5]]}
[null,"SARE / St Auban\nLocal Colonnes"]
[]
[]
["Stock :","2018-01-03"]
[]
["Total"]
[{"$f":"SUMIF(I8:I446,6,H8:H446)","v":51226.815999999999}]
[]
[null,"LOCAL Colonnes",null,null,null,null,"-",51226.815999999999,"-",null,"-"]
["COMMON","Compteurs Mono",null,null,null,0,0,0,6]
["COMTRI","Compteurs Tri sagem com",null,null,null,0,0,0,6,null,"40 73 138"]
["COTRLA","compteurs tri landis",null,null,null,0,0,0,6,null,"69 81 155"]
["PLMODO","Platine de comptage Mono double",null,null,null,0,28,0,6]
["PACOMO","Panneau de controle Mono",null,36,null,36,11.5,414,6,null,"69 81 291"]
["PACOTR","Panneau de controle Tri",null,43,null,43,24.3,1044.9000000000001,6,null,"69 81 220"]
["BANETR","Barette neutre couteau T00",null,510,null,510,2.88,1468.8,6,null,"69 43 512"]
["CAFU30","Cartouche fusible T00 AD 30",null,243,null,243,4.51,1095.9299999999998,6,null,"69 43 516"]
["CAF45","Cartouche fusible T00 AD 45",null,50,null,50,4.51,225.5,6,null,"69 43 514"]
["CAFU60","Cartouche fusible T00 AD 60",null,4,null,4,0.6,2.4,6,null,"69 43 513"]
["CAFU90","Cartouche fusible T00 AD 90",null,4,null,4,0.6,2.4,6]
["BAPHPA","Base 22x58 phase avec pattes (CCPI avec pattes)",null,870,null,870,4.22,3671.3999999999996,6,null,"69 40 508"]
["CCNE60","CCPI Neutre 60A (CCPI pattes neutre)",null,36,null,36,14.23,512.28,6,null,"69 40 538"]
["CCPNEU","CCPI neutre ",null,null,null,0,5.96,0,6,null,"69 40 408"]
["CNTRSE","CCPI neutre Triple sectionnable",null,150,null,150,24.47,3670.5,6,null,"69 40 411"]
["ENMO60","Ensemble monophasé 60A (CCPI avec câblette)",null,null,null,0,14.23,0,6,null,"69 40 521"]
["ENTR60","Ensemble triphasé 60A avec câblette (CCPI avec câblette)",null,92,null,92,28.45,2617.4,6,null,"69 40 523"]
["CPFHUN","CPF Phase uniquement",null,null,null,0,5.96,0,6]
["CPFMON","CPF mono Seifel",null,null,null,0,17.84,0,6,null,"69 40 524"]
["CPFTRI","CPF Tri Seifel",null,129,null,129,35.25,4547.25,6,null,"69 40 525"]
["CPFMON","CPF mono Michaud",null,140,null,140,13.96,1954.4,6,null,"69 40 524"]
["CPFTRI","CPF Tri Michaud",null,null,null,0,27.9,0,6,null,"69 40 525"]
["DINI6D","Distributeur de niveau 200A 6 Départs HN 62-S-35",null,null,null,0,63,0,6,null,"69 02 476"]
["DIET6D","Distributeur d'étage 200A 6 Départs HN 62-S-35",null,null,null,0,63,0,6,null,"69 02 424"]
["DI200A","Distributeur 200A S35 CPF ",null,4,null,4,64,256,6,null,"69 02 428"]
["DM1545","Disjoncteur Mono 15/45A Selectif",null,257,null,257,20,5140,6,null,"69 30 061"]
["DT1030","Disjoncteur Tri 10/30A Selectif",null,116,null,116,41,4756,6,null,"69 30 066"]
["KIADPR","Kit d'adaptation Production",null,21,null,21,20.399999999999999,428.4,6,null,"69 81 276"]
["DICO4D","Dispositif de connection 4 Directions",null,166,null,166,17.2,2855.2,6,null,"44 49 074"]
["BOTEG2","Boitier Téléreport génération 2 Ivoir",null,18,null,18,11.24,202.32,6,null,"44 49 007"]
["CC16BL","Câble Unifilaire 16² Cu Rigide Bleu",null,86,null,86,1.1200000000000001,96.320000000000007,6]
["CC16NO","Câble Unifilaire 16² Cu Rigide Noir",null,30,null,30,1.1200000000000001,33.6,6]
["CATEIV","Câble téléreport Ivoir",null,null,null,0,0.19,0,6,null,"69 80 075"]
["CC10RO","Câble Unifilaire 10² Cu Rouge",null,2500,null,2500,0.77900000000000003,1947.5,6,null,"22 57 6181"]
["CC10BL","Câble Unifilaire 10² Cu Bleu",null,20,null,20,0.77900000000000003,15.58,6,null,22576180]
["FC16BL","Flamèche étamées 16² Cu Bleu",null,40,null,40,2.7,108,6,null,"69 80 074"]
["FC16NO","Flamèche étamées 16² Cu Noir",null,110,null,110,2.7,297,6,null,"68 80 075"]
["RADITR","rallonge di tri ",null,6,null,6,81.3,487.79999999999995,6,null,"69 40 529"]
["RADIMO","rallonge di mono",null,16,null,16,42.5,680,6,null,"69 40 528"]
["ADCAFU","Adaptateur cartouche 14x51",null,407,null,407,6.15,2503.0500000000002,6,null,"69 41 165"]
["FUAD30","Fusibles AD 22x58 30A",null,716,null,716,1.58,1131.28,6,null,"69 42 626"]
["FUAD45","fus ad 22x58 45A",null,232,null,232,0.6,139.19999999999999,6,null,"69 42 634"]
["FUAD60","Fusibles AD 22x58 60A",null,515,null,515,0.6,309,6,null,"69 42 638"]
["CN2258","cartouche neutre AD 22x58",null,1000,null,1000,1.05,1050,6,null,"69 42 669"]
["FU1451","Fusible AD 14x51 30A",null,470,null,470,0.6,282,6,null,"69 42 617"]
["CN1451","cartouche neutre 14x51",null,630,null,630,0.45,283.5,6,null,"69 42 664"]
["ETIREP","etiquettes reperage",null,3903,null,3903,0.28199999999999997,1100.646,6,null,"67 71 099"]
["COTYTR","Coffret S20 Type 2 triphasé",null,27,null,27,49,1323,6,null,"69 80 327"]
["RAIFIX","Rail de fixation",null,72,null,72,1.88,135.35999999999999,6]
["PMTEMO","Panneau mono/tri équipé mono",null,6,null,6,56.1,336.6,6,null,"69 80 132"]
["PCDICC","Panneau 250 x 500 CBEMM + Disj + C/C",null,null,null,0,74.53,0,6,null,"69 81 210"]
["PCT2NG","Cibe Platine type 2 Nouvelle génération",null,null,null,0,95.65,0,6,null,"69 80 836"]
["GRRECI","Grille de repiquage cibe 3x35",null,74,null,74,41.85,3096.9,6,null,"69 80 818"]
["GOUAPI","Goulotte API",null,100,null,100,3.1,310,6,null,"69 10 154"]
["COUGOU","Coudes 40x60 pour goulottes (sachet de 2)",null,112,null,112,5.6,627.19999999999993,6,null,"69 02 600"]
["EMBGOU","Embout 40x60 pour goulottes (sachet de 10)",null,11,null,11,6.2,68.2,6]

{"sheet":"EP","index":6,"n_rows":50,"n_cols":12,"rows_kept":50,"cut":false,"hidden":false,"merged":[[23,0,23,10],[0,1,1,6],[5,0,5,5],[6,1,6,5],[3,1,3,4],[9,0,9,10],[17,0,17,10]]}
[null,"SARE / St Auban\nLocal EP"]
[]
[]
["Stock :","2018-01-03"]
[]
["Total"]
["Cat 2",{"$f":"SUMIF(I10:I428,4,H10:H428)","v":26220.400000000001}]
[]
["Ref Magasin","Articles","Unité","Entrée","Sortie","Q","PU","TOTAL HT","Cat.","Seuil critique","Réf. Fourn."]
["Mats et massifs"]
["MÂTCYL","Mât cylindro-conique H=4m","U",null,null,100,148,{"$f":"G11*F11","v":14800},4,null,null,{"$f":"D11","v":0}]
["MÂTCYL","Mât cylindro-conique H=5m","U",null,null,0,168,{"$f":"G12*F12","v":0},4]
["MATCYL","Mât cylindro-conique H=7m + lanterne et crosse","U",null,null,7,1402,9814,4]
["MATCYL","Mät Cylindro-conique 10m acier galva",null,null,null,0,411,0,4]
["MASCAN","Massifs candélabres 200x200",null,null,null,3,45,135,4]
["MASCAN","Massifs candélabres 300x300",null,null,null,8,90,720,4]
[]
["Protections"]
["COMIEP","Coffret mini EP",null,null,null,0,18.5,{"$f":"G19*F19","v":0},4]
["MICOBO","Minicobox",null,null,null,0,32.56,0,4]
["MECOBO","Mediumcobox",null,null,null,0,20,0,4]
["FACCOB","Façadecobox",null,null,null,10,7.5,75,4]
[]
["Appareillage"]
["CRO3EP","Crosse 3 EP",null,null,null,0,839,{"$f":"G25*F25","v":0},4]
["LAROLA","Lanternes routiere 100w+ LAMPE",null,null,null,5,135.28,676.4,4]
[]
[]
[]
[]
[]
[]
[]
[]
[]
[]
[]
[]
[]
[]
[]
[]
[]
[]
[]
[]
[]
[]
[]
[null,null,null,null,null,0]

{"sheet":"Frejus","index":7,"n_rows":57,"n_cols":11,"rows_kept":57,"cut":false,"hidden":false,"merged":[[0,1,1,5],[5,0,5,4],[6,0,6,4],[6,6,6,7],[54,0,54,10],[7,6,7,7],[7,8,7,10],[10,0,10,10],[14,0,14,10],[23,0,23,10],[31,0,31,10],[35,0,35,10],[40,0,40,10],[45,0,45,10],[50,0,50,10]]}
[null,"SARE / St Auban\nLocal Frejus"]
[]
[]
["Date :","2018-01-03"]
[]
["Total"]
[{"$f":"SUMIF(I12:I587,2,H12:H587)","v":9300.8499999999985}]
[]
[]
["Ref Magasin","Articles","Unité","Entrée","Sorti","Q","PU","TOTAL HT","Cat.","Seuil critique","Réf Fourn."]
["Câbles"]
["CABASG","Cable Pont Isolar 54",null,400,null,{"$f":"D12-E12","v":400},null,{"$f":"G12*F12","v":0},2]
["CABASG","Cable Pont Isolar 148",null,200,null,{"$f":"D13-E13","v":200},null,{"$f":"G13*F13","v":0},2]
[]
["Connecteurs"]
["RABRIS","CB0G 54,6",null,90,null,{"$f":"D16-E16","v":90},10.93,{"$f":"G16*F16","v":983.69999999999993},2]
["COLGAL","CNU 200",null,33,null,33,null,0,2]
["COLGAL","CNU 180",null,13,null,13,null,0,2]
["COLGAL","CNU 220",null,14,null,14,null,0,2]
["MAACBT","ABT 34",null,204,null,204,12.48,2545.92,2]
["MAACBT","ABT 54",null,51,null,51,11.88,605.88,2]
["FIISVE","Malicol 20/22",null,69,null,69,18.95,1307.55,2]
[]
["Boulonnerie"]
["BOUGLA","BH 14/50",null,250,null,{"$f":"D25-E25","v":250},null,{"$f":"G25*F25","v":0},2]
["BOUGLA","BH 14/100",null,200,null,200,null,0,2]
["TIGFIL","BH 14/150",null,8,null,8,null,0,2]
["TIGFIL","BH 14/200",null,60,null,60,null,0,2]
["TIGFIL","BH 14/250",null,42,null,42,null,0,2]
["TIGFIL","BH 14/300",null,15,null,15,null,0,2]
[]
["Armement"]
["ARMSUP","VR1 ",null,5,null,{"$f":"D33-E33","v":5},121.91,{"$f":"G33*F33","v":609.54999999999995},2]
["ARMSUP","NV1",null,1,null,1,252.69,252.69,2]
[]
["Hauban"]
["COHAGA","Collier Hauban",null,3,null,{"$f":"D37-E37","v":3},null,{"$f":"G37*F37","v":0},2]
["TIANHA","Tige hauban",null,5,null,5,34.74,173.70000000000002,2]
["CAACGA","Cable Hauban 19/20 ",null,50,null,50,null,0,2]
[]
["Parafoudre"]
["FERPAR","Ferrure parafoudre",null,10,null,{"$f":"D42-E42","v":10},160.74,{"$f":"G42*F42","v":1607.4},2]
["PAISSY","Parafoudre",null,6,null,6,null,0,2]
["SUPISO","Iso synthétique",null,27,null,27,null,0,2]
[]
["Disjoncteur de poteau"]
["CODIBP","Coffret disjoncteur",null,2,null,{"$f":"D47-E47","v":2},null,{"$f":"G47*F47","v":0},2]
["BLODIJ","Bloc disjoncteur",null,3,null,3,null,0,2]
["PRTRGR","Protection terre grise",null,10,null,{"$f":"D49-E49","v":10},null,{"$f":"G49*F49","v":0},2]
[]
["Isolateurs"]
["ISOVER","VHT 20",null,27,null,{"$f":"D52-E52","v":27},14.98,{"$f":"G52*F52","v":404.46000000000004},2]
["ISOVER",1508,null,15,null,{"$f":"D53-E53","v":15},null,{"$f":"G53*F53","v":0},2]
[]
["Divers"]
["BALCHA","BO",null,63,null,{"$f":"D56-E56","v":63},null,{"$f":"G56*F56","v":0},2]
["COAVRO","Lien rouge",null,135,null,{"$f":"D57-E57","v":135},6,810,2]